Taylor Swift’s Most Used Words in Lyrics - Statistics

General Stats
  • This quiz has been taken 54 times
  • The average score is 597 of 4765
Answer Stats
Word Type Count % Correct
Common 152 I'd
100%
Common 206 I'll
100%
Common 707 I'm
100%
Slang 3 I'ma
100%
Common 157 I've
100%
Common 3607 I
88%
3871 You
84%
Number 10 2
80%
Common 1391 A
80%
2 E
80%
424 love
80%
Number 7 1
76%
8 it'll
76%
511 It's
76%
6 its
76%
3011 The
76%
Number 9 3
72%
Number 3 4
72%
Number 3 eight
72%
Number 6 five
72%
Number 1 fives
72%
Number 11 four
72%
Number 1 fours
72%
221 He
72%
Common 1309 In
72%
1474 me
72%
1 me'
72%
713 Oh
72%
142 She
72%
common 584 be
68%
Common 244 go
68%
48 hear
68%
Common 56 isn't
68%
Common 1301 It
68%
1216 My
68%
290 No
68%
518 So
68%
692 We
68%
497 When
68%
Number 1 15
64%
Number 1 20
64%
Number 2 5
64%
Number 1 7
64%
722 all
64%
Common 80 an
64%
Common 8 aren't
64%
Common 275 do
64%
Number 15 fifteen
64%
Date 5 forth
64%
Number 1 fourth
64%
Sound 54 ha
64%
110 her
64%
Place 1 L.A
64%
664 On
64%
157 then
64%
290 They
64%
2 thin
64%
2 V
64%
93 where
64%
867 your
64%
Number 1 16
60%
Common 262 are
60%
14 bar
60%
23 beat
60%
34 bet
60%
39 boy
60%
745 But
60%
Common 267 can
60%
Colour 1 Crimson-red
60%
Name 1 Eve
60%
176 ever
60%
1 ever-changing
60%
1 ever-lovely
60%
1 ever-present
60%
21 Free
60%
8 hi
60%
Common 547 Is
60%
664 Like
60%
11 Men
60%
850 Of
60%
313 say
60%
1 St.
60%
726 That
60%
219 there
60%
551 this
60%
8 wear
60%
47 We'll
60%
62 well
60%
126 Who
60%
12 win
60%
155 yeah
60%
Number 1 17
56%
Number 2 25
56%
Common 2201 And
56%
Body Part 10 arms
56%
Common 344 at
56%
Colour 39 blue
56%
Colour 8 blues
56%
Colour 2 bluest
56%
Common 100 By
56%
Common 198 can't
56%
3 cant
56%
Vehical 59 car
56%
Vehical 1 car's
56%
Vehical 5 cars
56%
227 Could
56%
35 die
56%
Body Part 3 ear
56%
Body Part 1 ears
56%
Common 112 Every
56%
122 home
56%
Common 414 If
56%
Sound 29 La
56%
99 New
56%
215 not
56%
135 off
56%
116 Our
56%
65 She's
56%
6 shoes
56%
59 them
56%
2 tie
56%
6 Tim
56%
1516 To
56%
670 Was
56%
102 we're
56%
310 were
56%
2 were'
56%
173 would
56%
414 You're
56%
Number 1 18
52%
Number 14 22
52%
Common 171 about
52%
Common 154 As
52%
211 Baby
52%
327 back
52%
Common 22 Because
52%
26 bed
52%
Common 350 cause
52%
29 couldn't
52%
Date 73 day
52%
Common 500 Don't
52%
301 down
52%
40 dream
52%
Number 1 eighty-nine
52%
1 ex-friend's
52%
2 ex-love
52%
6 ex-lovers
52%
1 ex-man
52%
1 ex-wife
52%
Common 441 for
52%
Number 1 fourteen
52%
28 friend
52%
98 girl
52%
139 good
52%
Colour 11 Green
52%
1 green'
52%
Body Part 68 head
52%
Body Part 5 heads
52%
160 here
52%
75 He's
52%
Building 36 house
52%
Building 1 houses
52%
8 How'd
52%
7 How's
52%
502 Just
52%
Royal 2 king's
52%
Royal 3 kings
52%
Common 581 know
52%
35 loved
52%
10 Lover
52%
14 Midnight
52%
84 mine
52%
155 night
52%
355 one
52%
352 out
52%
3 pen
52%
1 pin
52%
27 read
52%
130 Red
52%
255 see
52%
82 should
52%
56 their
52%
89 thing
52%
1 thing.
52%
232 Think
52%
30 try
52%
393 up
52%
426 What
52%
113 Why
52%
94 you'll
52%
Sound 140 Ah
48%
Time 5 A.M.
48%
43 am
48%
20 Any
48%
139 away
48%
121 bad
48%
Common 116 better
48%
Vehical 2 bus
48%
Animal 6 Cat
48%
Animal 1 cats
48%
28 Could've
48%
23 cry
48%
Swear 19 damn
48%
Swear 3 damned
48%
2 dancin'
48%
74 dancing
48%
Common 172 did
48%
common 119 didn't
48%
58 end
48%
Body Part 25 eye
48%
16 fire
48%
81 friends
48%
177 From
48%
Swear 11 Fuck
48%
Swear 1 fucked
48%
Swear 10 Fuckin'
48%
51 give
48%
34 God
48%
3 gon'
48%
223 gonna
48%
Common 193 Had
48%
60 hand
48%
1 hand's
48%
Body Part 53 hands
48%
225 have
48%
5 heal
48%
96 him
48%
48 kiss
48%
81 leave
48%
109 life
48%
103 long
48%
150 Look
48%
51 mad
48%
131 made
48%
106 make
48%
97 Man
48%
4 nothin'
48%
87 nothing
48%
393 Now
48%
1 now'
48%
136 only
48%
7 ours
48%
42 rain
48%
231 Said
48%
26 Shit
48%
45 should've
48%
5 sin
48%
3 star
48%
170 Take
48%
1 Teal
48%
8 tear
48%
57 These
48%
1 thing's
48%
101 things
48%
377 time
48%
30 times
48%
140 too
48%
4 tree
48%
6 twin
48%
92 us
48%
4 us.
48%
233 want
48%
27 White
48%
407 With
48%
88 Always
44%
46 babe
44%
Common 252 been
44%
Common 64 Before
44%
Colour 20 black
44%
77 break
44%
20 broke
44%
3 card
44%
Common 231 come
44%
26 dance
44%
7 danced
44%
1 dances
44%
29 days
44%
Common 18 does
44%
55 door
44%
Number 1 eighty-seven
44%
Body Part 111 eyes
44%
121 feel
44%
Common 182 get
44%
36 goes
44%
Common 231 Got
44%
Colour 21 gray
44%
20 great
44%
1 greet
44%
Colour 1 grey
44%
41 grow
44%
44 has
44%
6 he'll
44%
21 Hell
44%
42 high
44%
Animal 9 horse
44%
Animal 3 horses
44%
Common 191 How
44%
Number 4 hundred
44%
Number 2 Hundreds
44%
Numeber 1 hundredth
44%
95 keep
44%
94 knew
44%
98 let
44%
49 Light
44%
3 Lit
44%
49 mean
44%
4 mom
44%
5 na
44%
421 never
44%
84 or
44%
79 over
44%
33 real
44%
1 reel
44%
86 remember
44%
169 right
44%
55 room
44%
13 Rose
44%
2 Rosé
44%
106 Run
44%
32 sad
44%
59 saw
44%
4 sees
44%
9 shouldn't
44%
38 sky
44%
78 some
44%
7 somethin'
44%
82 something
44%
2 son
44%
142 Stay
44%
179 still
44%
28 story
44%
25 sun
44%
150 tell
44%
152 That's
44%
14 though
44%
76 thought
44%
108 Through
44%
71 town
44%
30 uh
44%
162 way
44%
122 Will
44%
3 won
44%
83 won't
44%
27 wouldn't
44%
52 you'd
44%
24 yours
44%
49 you've
44%
34 Blood
40%
2 Blood's
40%
3 Bloodshed
40%
1 blood-soaked
40%
1 bloodstain
40%
1 bloodthirsty
40%
1 bloody
40%
9 comin'
40%
2 con
40%
12 cryin'
40%
Relation 5 dad
40%
26 Died
40%
46 dreams
40%
Clothing 51 dress
40%
13 dressed
40%
1 dresser
40%
1 dresses
40%
6 dressing
40%
50 else
40%
19 ends
40%
100 Everything
40%
Body Part 79 face
40%
32 far
40%
114 first
40%
Animal 37 fly
40%
32 hair
40%
8 haunt
40%
11 Haunted
40%
21 haven't
40%
Body Part 104 heart
40%
9 heartbeat
40%
1 Heartbeats
40%
12 heartbreak
40%
3 Heart-breakers
40%
1 heartbreaks
40%
1 heartbroken
40%
1 heart's
40%
10 Hearts
40%
1 heart-stopping
40%
66 hey
40%
84 his
40%
Weather 2 icy
40%
Common 101 into
40%
Month 4 July
40%
26 Jump
40%
Royal 9 King
40%
57 knows
40%
90 last
40%
21 laugh
40%
8 Laughin'
40%
10 lie
40%
91 little
40%
37 live
40%
15 London
40%
15 lookin'
40%
21 looking
40%
7 Love's
40%
13 Loves
40%
2 lovin'
40%
21 loving
40%
7 May
40%
81 name
40%
78 Once
40%
50 place
40%
47 play
40%
1 Plus
40%
17 quiet
40%
17 says
40%
15 sing
40%
35 song
40%
17 speak
40%
20 start
40%
32 summer
40%
57 talk
40%
5 tea
40%
1 tee
40%
4 ten
40%
57 than
40%
26 They're
40%
13 thinkin'
40%
21 thinking
40%
18 three
40%
34 Til
40%
36 told
40%
46 took
40%
57 touch
40%
9 tryin'
40%
50 Trying
40%
29 Two
40%
21 under
40%
59 wanted
40%
53 who's
40%
13 wind
40%
20 wine
40%
21 woman
40%
4 women
40%
62 Would've
40%
2 X
40%
65 alone
36%
31 anything
36%
Body Part 4 arm
36%
Date 6 August
36%
4 Autumn
36%
1 beast
36%
53 beautiful
36%
86 best
36%
22 boys
36%
29 burn
36%
116 call
36%
64 coming
36%
14 cruel
36%
10 crying
36%
Common 24 doesn't
36%
22 em
36%
90 Even
36%
17 everyone
36%
54 fall
36%
7 Feelin'
36%
Body Part 17 feet
36%
31 felt
36%
32 fine
36%
1 flow
36%
1 flower
36%
6 fore
36%
1 gettin
36%
4 gettin'
36%
41 getting
36%
4 goin'
36%
25 going
36%
Colour 12 gold
36%
63 gone
36%
24 happy
36%
1 hat
36%
42 heard
36%
2 hears
36%
83 Hold
36%
54 hope
36%
Flower/Plant 5 ivy
36%
9 kept
36%
16 kid
36%
22 kill
36%
34 kind
36%
18 Laughing
36%
59 left
36%
76 lights
36%
2 Lights'
36%
11 lives
36%
24 looks
36%
41 Lose
36%
70 lost
36%
24 Makes
36%
40 met
36%
60 more
36%
72 need
36%
8 Ooh
36%
29 pain
36%
1 pane
36%
25 picture
36%
4 plan
36%
2 poet
36%
62 Put
36%
13 queen
36%
9 ring
36%
1 runnin'
36%
3 Sat
36%
11 scream
36%
2 screamin'
36%
37 Screaming
36%
4 sea
36%
29 seen
36%
82 shake
36%
1 shake.
36%
36 show
36%
14 slow
36%
62 smile
36%
7 Something's
36%
2 somethings
36%
22 stand
36%
27 stars
36%
17 step
36%
7 stories
36%
45 street
36%
81 There's
36%
39 turn
36%
25 turned
36%
8 Twenty
36%
31 very
36%
44 Wait
36%
15 war
36%
35 we'd
36%
19 Wild
36%
8 winter
36%
19 wonder
36%
16 worse
36%
16 write
36%
45 wrong
36%
6 year
36%
3 Year's
36%
33 years
36%
32 Yes
36%
8 affair
32%
30 After
32%
Common 76 Ain't
32%
131 around
32%
1 A-Side
32%
8 Asked
32%
1 Askin'
32%
34 Asking
32%
2 asks
32%
2 beds
32%
Name 5 Betty
32%
13 bottle
32%
20 bout
32%
20 breath
32%
31 breathe
32%
4 brother
32%
15 burned
32%
26 called
32%
Common 37 came
32%
Clothing 4 cardigan
32%
4 Cards
32%
Weather 26 cold
32%
Weather 7 colder
32%
Relation 7 daddy
32%
6 date
32%
Month 13 December
32%
3 dies
32%
33 drive
32%
1 drivin'
32%
10 driving
32%
14 ending
32%
4 fallen
32%
40 falling
32%
11 falls
32%
6 fear
32%
50 Feeling
32%
Number 2 Fifty
32%
4 Flash
32%
28 floor
32%
8 flowers
32%
46 Forget
32%
1 fort
32%
Date 8 fortnight
32%
28 girls
32%
Colour 15 golden
32%
31 ground
32%
14 guy
32%
9 hadn't
32%
6 happen
32%
1 hers
32%
31 honey
32%
9 joke
32%
4 keepin'
32%
8 keeping
32%
14 kitchen
32%
11 Lead
32%
19 let's
32%
22 looked
32%
2 losin'
32%
1 Marjorie
32%
48 Meet
32%
6 Midnights
32%
58 might
32%
82 mind
32%
29 moment
32%
9 moon
32%
59 much
32%
23 Nights
32%
3 November
32%
2 OK
32%
38 other
32%
6 Paris
32%
63 really
32%
3 remembered
32%
17 rest
32%
14 rings
32%
20 road
32%
30 Running
32%
8 scar
32%
22 school
32%
5 seven
32%
1 She'd
32%
12 She'll
32%
31 side
32%
3 sister
32%
3 slam
32%
17 small
32%
48 someone
32%
11 space
32%
11 standin'
32%
38 standing
32%
19 stood
32%
20 tears
32%
22 They'll
32%
7 thinks
32%
1 thirty
32%
36 those
32%
15 throw
32%
23 tried
32%
10 use
32%
49 used
32%
14 wall
32%
194 wanna
32%
50 watch
32%
55 whole
32%
6 Whose
32%
113 wish
32%
33 without
32%
49 world
32%
21 worst
32%
11 ya
32%
41 York
32%
Time 1 1:58
28%
Number 1 50
28%
2 affairs
28%
115 again
28%
6 angel
28%
1 angel's
28%
2 angels
28%
15 anyone
28%
14 anywhere
28%
44 believe
28%
4 bit
28%
35 Body
28%
26 both
28%
4 breakin'
28%
15 breaking
28%
11 breaks
28%
17 Broken
28%
37 change
28%
1 cheek
28%
25 close
28%
8 color
28%
5 colors
28%
21 comes
28%
Place 2 Coney
28%
12 cried
28%
13 crowd
28%
41 dark
28%
15 death
28%
Animal 7 Dog
28%
Name 8 Dorothea
28%
Name 10 Drew
28%
Drink 12 drink
28%
6 Drinking
28%
1 drinks
28%
21 Drunk
28%
23 each
28%
47 enough
28%
2 epiphany
28%
9 Evermore
28%
3 exile
28%
87 find
28%
7 fit
28%
4 fool
28%
83 Forever
28%
37 fun
28%
42 gave
28%
33 gets
28%
12 grown
28%
Weapon 1 guns
28%
39 hard
28%
3 hasn't
28%
64 hate
28%
3 he'd
28%
1 heel
28%
17 hit
28%
4 Holdin'
28%
13 holding
28%
7 infidelity
28%
Name 5 James
28%
7 Key
28%
10 kinda
28%
3 kisses
28%
1 knee
28%
11 knees
28%
5 lake
28%
6 land
28%
25 late
28%
Colour 9 lavender
28%
2 leavin'
28%
17 leaving
28%
12 less
28%
8 lies
28%
28 losing
28%
2 makin'
28%
30 making
28%
9 maroon
28%
10 Marry
28%
32 Maybe
28%
71 Miss
28%
9 mm
28%
15 move
28%
26 okay
28%
57 old
28%
6 one's
28%
6 Ones
28%
1 orange
28%
32 own
28%
10 part
28%
24 perfect
28%
2 Pie
28%
2 playin'
28%
8 Playing
28%
1 pour
28%
6 pray
28%
3 prey
28%
17 quite
28%
21 reason
28%
10 revenge
28%
4 roses
28%
18 round
28%
1 Sam
28%
9 Sayin'
28%
22 saying
28%
2 scarf
28%
2 September
28%
16 short
28%
2 sister's
28%
18 sit
28%
5 six
28%
23 sleep
28%
4 Slut
28%
42 Sometimes
28%
16 Started
28%
12 starts
28%
15 stayed
28%
1 Steal
28%
4 Stole
28%
24 Sweet
28%
4 Takin'
28%
4 Talkin'
28%
15 talking
28%
4 They'd
28%
10 threw
28%
23 tied
28%
25 truth
28%
11 waitin'
28%
60 waiting
28%
14 walls
28%
13 wants
28%
25 wasn't
28%
32 welcome
28%
2 Where's
28%
26 while
28%
37 Whoa
28%
24 window
28%
14 word
28%
31 words
28%
15 work
28%
17 works
28%
5 written
28%
6 Act
24%
20 afraid
24%
17 air
24%
19 almost
24%
Place 2 America
24%
Place 13 American
24%
Common 50 another
24%
26 apart
24%
Date 3 April
24%
3 army
24%
5 art
24%
29 Ask
24%
7 band
24%
4 bars
24%
Place 17 beach
24%
Place 1 beaches
24%
Room 8 bedroom
24%
3 beg
24%
5 beggin'
24%
12 Begging
24%
9 believed
24%
14 between
24%
38 big
24%
3 blank
24%
1 bled
24%
3 bleed
24%
1 bleedin'
24%
8 bleeding
24%
2 bleeds
24%
13 bought
24%
7 bride
24%
1 bridesmaid
24%
1 bride-to-be
24%
2 brother's
24%
Vehical 1 cabs
24%
Clothing 1 cap
24%
Drink 12 Champagne
24%
20 changed
24%
14 Cheeks
24%
23 clean
24%
28 crazy
24%
7 crime
24%
2 darlin'
24%
37 Darling
24%
31 dead
24%
2 Department
24%
6 devil
24%
11 done
24%
9 drop
24%
Name 4 Este's
24%
13 faith
24%
31 fake
24%
19 favorite
24%
11 Fearless
24%
Month 1 February
24%
6 finger
24%
Place 20 Florida
24%
2 Forgets
24%
5 Forgive
24%
15 forgot
24%
8 Fresh
24%
7 full
24%
14 funny
24%
12 garden
24%
3 god's
24%
1 gods
24%
31 gotta
24%
4 grave
24%
1 grin
24%
7 hall
24%
8 heat
24%
7 hole
24%
1 hot
24%
Place 3 I-Island
24%
2 illicit
24%
2 imagine
24%
5 island
24%
7 jumping
24%
Month 1 June
24%
11 kids
24%
1 kids'
24%
9 killin'
24%
5 killing
24%
9 kissed
24%
Weapon 9 knife
24%
29 known
24%
4 Lakes
24%
4 leaves
24%
1 ledge
24%
4 letter
24%
6 lip
24%
15 list
24%
2 longing
24%
16 lucky
24%
19 magic
24%
30 many
24%
9 mark
24%
5 meeting
24%
1 me's
24%
12 mess
24%
13 million
24%
7 mirror
24%
4 mirrorball
24%
1 mist
24%
15 money
24%
6 mornin'
24%
23 morning
24%
3 moth
24%
30 Mr.
24%
43 myself
24%
6 names
24%
11 needed
24%
1 nine
24%
3 nineteen
24%
29 Nobody
24%
14 paint
24%
13 Paper
24%
6 park
24%
9 pass
24%
10 peace
24%
17 perfectly
24%
29 phone
24%
17 pick
24%
10 pictures
24%
4 pink
24%
26 places
24%
3 plays
24%
34 Please
24%
5 Poets
24%
4 pourin'
24%
8 pouring
24%
7 prince
24%
2 prom
24%
15 Promise
24%
2 puts
24%
3 reach
24%
6 Romeo
24%
4 ruin
24%
7 scars
24%
7 seat
24%
7 second
24%
3 Send
24%
5 seventeen
24%
11 Shaking
24%
20 shame
24%
20 showed
24%
22 sign
24%
10 singing
24%
27 single
24%
5 sixteen
24%
21 Somebody
24%
34 sorry
24%
13 sound
24%
4 spin
24%
3 Spring
24%
12 stairs
24%
22 starlight
24%
1 Stayin'
24%
2 stays
24%
1 steel
24%
5 Stephen
24%
3 Stolen
24%
55 stop
24%
9 storm
24%
7 streets
24%
11 style
24%
24 sure
24%
17 takes
24%
3 talked
24%
5 Teenage
24%
2 Tellin'
24%
11 Telling
24%
38 together
24%
31 tonight
24%
2 torture
24%
3 tortured
24%
10 train
24%
19 True
24%
7 T-shirt
24%
1 twenty-five
24%
17 until
24%
54 walk
24%
22 walked
24%
1 wantin'
24%
9 Wanting
24%
1 Wearin'
24%
33 went
24%
24 what's
24%
11 whisper
24%
10 whispered
24%
1 who'd
24%
3 Wishin'
24%
17 wishing
24%
21 wonderland
24%
6 writing
24%
28 young
24%
21 along
20%
3 anti-hero
20%
1 ash
20%
7 ashes
20%
Item 5 ball
20%
4 bare
20%
16 behind
20%
12 bigger
20%
Swear 6 bitch
20%
Swear 1 bitches
20%
13 blame
20%
16 Blind
20%
8 bones
20%
10 book
20%
1 booked
20%
2 books
20%
14 bring
20%
3 Burnin'
20%
1 burns
20%
Body Part 1 butt
20%
Common 26 Bye
20%
18 caught
20%
Name 1 Chloe
20%
Place 2 cities
20%
Place 27 city
20%
Place 2 city's
20%
2 closed
20%
2 cloth
20%
Clothing 11 clothes
20%
Place 16 Cornelia
20%
5 cover
20%
9 Cross
20%
12 crowded
20%
6 Crowds
20%
3 crush
20%
23 deep
20%
3 difference
20%
3 doll
20%
2 dolls
20%
2 doorway
20%
13 Dreaming
20%
18 drug
20%
Sound 51 Eh
20%
6 enchanted
20%
45 Everybody
20%
3 exes
20%
2 exist
20%
4 Fade
20%
6 False
20%
16 Fast
20%
11 fears
20%
29 Feels
20%
28 Fell
20%
42 fight
20%
3 fingers
20%
8 flashback
20%
Sport 3 football
20%
4 force
20%
32 found
20%
22 getaway
20%
11 Ghost
20%
7 Given
20%
1 givin'
20%
6 Glitch
20%
8 grace
20%
13 grew
20%
Music 5 guitar
20%
4 gym
20%
13 hallway
20%
11 haze
20%
Clothing 8 heels
20%
11 Hello
20%
34 help
20%
14 Here's
20%
1 hip
20%
6 Holy
20%
20 Hoping
20%
Building 3 hospital
20%
Sound 9 huh
20%
4 imagined
20%
Month 1 January
20%
1 jewelry
20%
1 jewels
20%
Name 4 John
20%
Name 3 Juliet
20%
23 Karma
20%
8 keeps
20%
2 kissing
20%
8 laughed
20%
1 laughs
20%
1 legend
20%
6 letters
20%
1 lied
20%
2 liked
20%
7 likes
20%
24 line
20%
26 lips
20%
5 livin'
20%
9 Living
20%
24 lot
20%
10 low
20%
2 Luck
20%
1 lyin'
20%
13 lying
20%
5 mall
20%
4 mama
20%
5 man's
20%
1 march
20%
6 McGraw
20%
31 middle
20%
8 Mmm
20%
1 mmmm
20%
4 month
20%
11 months
20%
1 mornings
20%
21 most
20%
5 mother
20%
3 mother's
20%
5 mouth
20%
15 next
20%
3 nick
20%
8 note
20%
6 notice
20%
16 open
20%
5 Painted
20%
27 past
20%
2 penny
20%
49 People
20%
5 Peter
20%
3 petulance
20%
6 picked
20%
5 piece
20%
16 pieces
20%
3 plain
20%
7 plane
20%
5 plastic
20%
6 pool
20%
8 problem
20%
13 problems
20%
21 promises
20%
15 rains
20%
11 ran
20%
5 reached
20%
11 ready
20%
7 reasons
20%
6 reckless
20%
1 rep
20%
12 Reputation
20%
1 Rip
20%
4 romantic
20%
6 romantics
20%
4 rust
20%
42 same
20%
1 scare
20%
19 scared
20%
9 scarlet
20%
1 scarred
20%
6 screen
20%
4 season
20%
25 shine
20%
9 shiny
20%
5 ship
20%
5 shop
20%
9 sittin'
20%
9 sitting
20%
6 Skies
20%
4 slammer
20%
1 slammin'
20%
3 sneak
20%
2 soft
20%
8 someone's
20%
39 soul
20%
12 sparks
20%
4 speakin'
20%
2 staircase
20%
4 Staying
20%
5 steps
20%
16 Straight
20%
19 string
20%
7 superman
20%
15 Swear
20%
1 tab
20%
10 table
20%
16 taking
20%
6 talks
20%
10 Tall
20%
4 tells
20%
4 thoughts
20%
5 tolerate
20%
1 toy
20%
7 toys
20%
6 trace
20%
7 tragic
20%
6 trees
20%
7 tryna
20%
4 Tuesday
20%
7 twist
20%
1 uses
20%
6 Waited
20%
5 walkin'
20%
12 water
20%
7 ways
20%
1 Weave
20%
10 weren't
20%
1 weren’t
20%
8 we've
20%
10 Why's
20%
7 wide
20%
13 Windows
20%
2 winds
20%
12 Woah
20%
5 Wondered
20%
8 Wonderin'
20%
11 Wondering
20%
2 worked
20%
7 wrote
20%
11 yourself
20%
Year 2 1944
16%
Name 2 Abigail
16%
1 acting
16%
Time 4 afternoon
16%
Time 1 afternoons
16%
Animal 4 albatross
16%
2 All's
16%
2 antique
16%
2 anybody
16%
8 Apartment
16%
3 archer
16%
6 asleep
16%
10 A-Team
16%
5 awake
16%
4 Babes
16%
1 band-aid
16%
1 bathtub
16%
9 battle
16%
Animal 4 bear
16%
3 bedpost
16%
4 bedsheets
16%
Drink 2 Beer
16%
1 believing
16%
1 bleached
16%
5 blow
16%
Vehical 2 boat
16%
Vehical 1 boating
16%
Vehical 1 boats
16%
5 bone
16%
10 Brand
16%
3 breathin'
16%
7 breathing
16%
14 brought
16%
3 bullet
16%
6 Buried
16%
16 burning
16%
Hairstyle 1 buzzcut
16%
Vehical 4 cab
16%
3 callin'
16%
10 calm
16%
3 Candle
16%
3 cannot
16%
2 capture
16%
3 Carve
16%
Name 3 Cassandra
16%
6 Casually
16%
8 Chain
16%
15 chance
16%
1 changin'
16%
3 changing
16%
10 child
16%
Date 5 Christmas
16%
Building 5 Church
16%
1 Closes
16%
Weather 3 cloud
16%
Weather 1 clouds
16%
Building 7 club
16%
27 cool
16%
9 count
16%
Job 8 cowboy
16%
2 cries
16%
3 cure
16%
3 curse
16%
7 Cursed
16%
Relation 5 daddy's
16%
Flower/Plant 2 Daisy
16%
10 daydream
16%
5 deal
16%
14 Dear
16%
32 different
16%
6 dinner
16%
1 doin'
16%
24 doing
16%
4 doors
16%
2 Draw
16%
3 drawer
16%
5 dreamed
16%
2 dude
16%
Place 1 earth
16%
Direction 2 East
16%
21 Easy
16%
Number 3 eighteen
16%
7 electric
16%
Name 9 Emma
16%
2 everything's
16%
2 fadin'
16%
3 fading
16%
9 Family
16%
15 fancy
16%
12 fate
16%
3 feelings
16%
12 few
16%
4 figure
16%
8 film
16%
2 final
16%
19 finally
16%
1 firework
16%
7 fits
16%
9 fix
16%
3 Flashbacks
16%
1 flaw
16%
4 Flush
16%
3 Forgetting
16%
2 forgiven
16%
6 forgiveness
16%
Language 1 French
16%
26 front
16%
36 Game
16%
20 games
16%
10 Glass
16%
1 godforsaken
16%
16 Gorgeous
16%
1 gotten
16%
Clothing 2 gowns
16%
3 grinning
16%
7 Growing
16%
33 guess
16%
Weapon 7 gun
16%
16 half
16%
11 happened
16%
6 happens
16%
15 happiness
16%
Place 16 heaven
16%
1 heavenly
16%
1 heaven's
16%
20 Held
16%
5 hips
16%
18 hits
16%
7 hometown
16%
6 hopes
16%
Building 5 Hotel
16%
1 hunt
16%
1 hunting
16%
15 hurt
16%
9 hurts
16%
Name 2 Inez
16%
Name 1 Jack
16%
Name 1 Jesus
16%
1 jumped
16%
3 kills
16%
4 knowing
16%
4 lady
16%
1 leaned
16%
9 least
16%
5 led
16%
2 legs
16%
8 letting
16%
7 lines
16%
8 Lock
16%
3 Loose
16%
1 lover's
16%
4 lovers
16%
1 magic's
16%
1 Marcus
16%
1 master
16%
3 meetings
16%
2 mend
16%
1 Mendin'
16%
1 mending
16%
3 minute
16%
4 mistake
16%
4 Movin'
16%
6 moving
16%
34 must
16%
6 near
16%
2 needing
16%
1 nightmare
16%
3 Nothing's
16%
4 nothings
16%
1 other's
16%
3 others
16%
21 outside
16%
1 outta
16%
3 parking
16%
26 party
16%
14 Passed
16%
3 pavement
16%
20 plans
16%
8 played
16%
7 porch
16%
2 prayed
16%
19 pretend
16%
23 pretty
16%
1 promising
16%
6 proof
16%
8 pull
16%
8 Quick
16%
6 rainy
16%
2 reading
16%
1 reads
16%
5 record
16%
2 ricochet
16%
1 rid
16%
9 roll
16%
1 rooms
16%
11 rumors
16%
3 Salt
16%
3 sand
16%
3 Saturday
16%
6 search
16%
7 seconds
16%
4 seein'
16%
1 seeing
16%
1 self
16%
5 shape
16%
6 ships
16%
1 shows
16%
3 sides
16%
6 Sidewalk
16%
17 simple
16%
3 sipped
16%
4 slamming
16%
4 slip
16%
4 slipped
16%
3 smallest
16%
25 Snow
16%
31 soon
16%
1 Sophia
16%
1 stain
16%
10 stare
16%
5 Starin'
16%
8 staring
16%
4 starring
16%
8 Stopped
16%
4 stops
16%
5 Superstar
16%
2 sweat
16%
4 swept
16%
2 Swift
16%
6 swing
16%
2 tables
16%
11 taken
16%
5 taste
16%
3 tattoo
16%
6 Taught
16%
5 Taylor
16%
10 team
16%
3 that'll
16%
2 theirs
16%
1 thirteen
16%
4 thorns
16%
1 throwin'
16%
10 throwing
16%
11 tight
16%
16 till
16%
9 timeless
16%
19 tired
16%
4 Tis
16%
29 today
16%
1 travel
16%
3 traveled
16%
2 trend
16%
19 Trust
16%
1 turnin'
16%
7 turning
16%
12 Turns
16%
3 twenty-two
16%
3 type
16%
15 understand
16%
2 undo
16%
15 undone
16%
1 Uni
16%
2 waits
16%
21 wake
16%
7 waking
16%
21 walking
16%
2 walks
16%
16 watched
16%
6 water's
16%
4 waters
16%
3 wave
16%
9 Waves
16%
7 weather
16%
4 week
16%
5 West
16%
14 Whenever
16%
7 Which
16%
2 whiskey
16%
1 Whisky
16%
8 whispers
16%
10 Wildest
16%
3 willow
16%
6 wished
16%
5 woke
16%
38 woods
16%
1 world's
16%
2 worlds
16%
10 Wound
16%
Time 1 2:00 AM
12%
Time 1 2:30 AM
12%
Number 1 45
12%
Number 1 75
12%
1 Absent
12%
Job 8 actress
12%
3 afterglow
12%
8 age
12%
2 aim
12%
Name 6 Aimee
12%
2 album
12%
22 alive
12%
27 alright
12%
3 Americana
12%
Animal 1 animal
12%
3 answer
12%
2 anticipation
12%
26 anymore
12%
10 anyway
12%
3 applause
12%
1 backs
12%
Room 6 bathroom
12%
1 beaten
12%
1 beatin'
12%
1 begged
12%
17 Begin
12%
16 being
12%
4 bejeweled
12%
5 beneath
12%
Car 1 Benz
12%
3 bike
12%
1 Bill
12%
1 bird
12%
11 block
12%
1 bolt
12%
1 Bolter
12%
Weapon 1 bomb
12%
1 bombs
12%
7 born
12%
4 box
12%
1 boxes
12%
1 boxing
12%
10 brave
12%
4 bricks
12%
Colour 3 burgundy
12%
4 bury
12%
1 button
12%
5 Buttons
12%
6 buy
12%
6 Calling
12%
1 captivated
12%
10 case
12%
Building 6 castle
12%
Building 4 castle's
12%
Building 2 castles
12%
4 ceiling
12%
3 chapter
12%
6 Chose
12%
2 clandestine
12%
Name 1 Clara Bow
12%
2 class
12%
3 clever
12%
2 closest
12%
3 closet
12%
Place 3 coast
12%
Drink 5 Coffee
12%
Drink 2 coffees
12%
5 corner
12%
5 couch
12%
3 Counter
12%
1 Countin'
12%
6 counting
12%
11 Covered
12%
7 Crash
12%
2 Crestfallen
12%
3 crimes
12%
4 Crossing
12%
4 Cursing
12%
1 curtained
12%
17 cut
12%
2 dates
12%
40 daylight
12%
1 defendin'
12%
3 defending
12%
18 Delicate
12%
2 Desperate
12%
5 desperately
12%
2 devil's
12%
3 Devils
12%
6 dim
12%
3 Disappear
12%
Money 1 dollar
12%
Money 2 dollars
12%
5 drag
12%
3 drives
12%
5 dropped
12%
1 drown
12%
8 Drowning
12%
1 dwindling
12%
5 dyin'
12%
1 D-Y-I-N-G
12%
7 dying
12%
1 earthquakes
12%
1 electrified
12%
1 else's
12%
1 endings
12%
1 English
12%
Name 1 Este
12%
2 evidence
12%
9 Except
12%
Body Part 7 faces
12%
3 fades
12%
5 fair
12%
1 fairy
12%
16 fairytale
12%
Place 4 farm
12%
Relation 5 father
12%
Relation 1 father's
12%
4 fights
12%
5 flame
12%
5 Flashed
12%
4 flawless
12%
8 Flew
12%
3 Floors
12%
1 flushed
12%
15 flying
12%
1 forced
12%
2 foreign
12%
9 forward
12%
3 fought
12%
3 frame
12%
Date 1 Friday
12%
1 future
12%
3 gardens
12%
9 Ghosts
12%
1 gives
12%
2 glance
12%
1 glasses
12%
4 glow
12%
33 Goodbye
12%
2 goodbye'
12%
Clothing 4 gown
12%
3 grand
12%
2 graves
12%
7 Greater
12%
2 guard
12%
5 guys
12%
Date 1 Halloween
12%
2 Halo
12%
1 hand-me-downs
12%
14 hang
12%
1 hangin'
12%
5 hanging
12%
2 happenin'
12%
1 happening
12%
7 Having
12%
6 Headlights
12%
1 hearing
12%
7 highest
12%
1 himself
12%
6 history
12%
2 hoax
12%
3 holes
12%
4 hollow
12%
4 home's
12%
5 honest
12%
Name 1 Hood
12%
3 hour
12%
2 hours
12%
Job 2 hunter
12%
Job 4 hunters
12%
Relation 3 husband
12%
Relation 2 husband's
12%
Relation 1 husbands
12%
8 idea
12%
1 idiotic
12%
2 indentation
12%
1 Inescapable
12%
8 innocent
12%
9 insane
12%
17 inside
12%
10 invisible
12%
Vehical 5 jet
12%
Gem 1 jewel
12%
1 joke's
12%
12 Jokes
12%
1 jumps
12%
2 Kens
12%
7 keys
12%
1 killer
12%
7 kingdom
12%
Body Part 1 knuckle
12%
Body Part 2 knuckles
12%
1 labyrinth
12%
5 Ladies
12%
2 landing
12%
1 language
12%
10 Lately
12%
11 later
12%
8 leads
12%
2 legends
12%
1 liar
12%
2 lifeless
12%
1 lifeline
12%
1 life's
12%
6 listen
12%
10 lived
12%
5 Locked
12%
9 lonely
12%
1 lots
12%
11 loud
12%
3 manuscript
12%
6 mastermind
12%
7 match
12%
10 matter
12%
3 means
12%
8 meant
12%
1 meets
12%
18 Memories
12%
3 Memorize
12%
8 memory
12%
1 mercurial
12%
1 mindedly
12%
1 mind's
12%
6 minds
12%
3 minutes
12%
5 miracle
12%
3 missin'
12%
12 missing
12%
9 mistakes
12%
13 Mm-mm
12%
2 moment's
12%
2 moments
12%
3 Mondays
12%
13 moved
12%
6 moves
12%
9 movie
12%
6 neck
12%
1 neighbor
12%
8 news
12%
43 Nice
12%
12 none
12%
1 nose
12%
2 noticed
12%
5 number
12%
64 oh oh
12%
7 onto
12%
1 ourselves
12%
10 page
12%
5 pages
12%
1 painting
12%
2 passenger
12%
4 patch
12%
4 patience
12%
2 patiently
12%
1 patriarchy
12%
3 Patti
12%
15 pay
12%
3 pennies
12%
7 people's
12%
2 perfume
12%
1 Photo
12%
4 photos
12%
1 pictured
12%
1 pile
12%
5 pining
12%
2 pinned
12%
2 planned
12%
1 planning
12%
7 players
12%
1 Prayin'
12%
2 Praying
12%
2 princess
12%
1 princesses
12%
5 Probably
12%
3 promised
12%
7 prophecy
12%
10 prove
12%
13 pulled
12%
1 punch
12%
6 Putting
12%
1 quietly
12%
2 Race
12%
1 rainstorm
12%
1 reachin'
12%
3 reaching
12%
1 rebounds
12%
4 records
12%
1 refrigerator
12%
16 regret
12%
1 Remembering
12%
6 Remind
12%
3 restaurant
12%
2 return
12%
6 ride
12%
6 ridin'
12%
9 riding
12%
3 rise
12%
3 roads
12%
2 rock
12%
4 roof
12%
10 rush
12%
2 Sabotage
12%
8 Sadness
12%
28 save
12%
6 screams
12%
2 searchin'
12%
3 Searching
12%
14 secret
12%
10 seem
12%
8 sense
12%
8 Sent
12%
7 set
12%
1 sex
12%
8 shade
12%
4 shelf
12%
1 shines
12%
4 shirt
12%
17 sick
12%
14 signs
12%
34 silence
12%
31 since
12%
4 sink
12%
2 sits
12%
4 skip
12%
2 Skippin'
12%
6 Skipping
12%
4 skirt
12%
1 sleepin'
12%
9 Sleeping
12%
3 Slept
12%
3 smell
12%
2 smells
12%
4 Sneakin'
12%
2 Sneaking
12%
1 Somebody's
12%
27 Someday
12%
2 Sounded
12%
2 sounds
12%
8 spend
12%
5 Spending
12%
2 Spilling
12%
5 splashed
12%
4 Stained
12%
1 stands
12%
3 stares
12%
4 Starry
12%
5 Stealing
12%
2 story's
12%
2 stranded
12%
7 strange
12%
6 stranger
12%
1 stuff
12%
13 Stupid
12%
3 suburban
12%
11 such
12%
3 Sunday
12%
5 sunny
12%
3 switch
12%
3 tapping
12%
3 teardrops
12%
3 Thank
12%
9 thousand
12%
3 tiger
12%
4 tomb
12%
3 Tore
12%
1 torn
12%
1 toss
12%
6 tossing
12%
10 touched
12%
8 Touching
12%
2 tower
12%
1 towers
12%
1 traced
12%
2 traitor
12%
7 treacherous
12%
11 truck
12%
1 twenty-one
12%
2 twenty-three
12%
1 twin-sized
12%
5 twisted
12%
2 typewriter
12%
1 Uh oh
12%
6 understands
12%
4 Untouchable
12%
5 upon
12%
1 upstate
12%
12 Using
12%
2 usual
12%
1 usually
12%
1 vigilante
12%
5 warn
12%
2 wash
12%
2 waste
12%
9 wasted
12%
3 wedding
12%
4 Wednesday
12%
12 weekend
12%
3 weeks
12%
2 Wet
12%
1 wheel
12%
4 wide-eyed
12%
8 wife
12%
1 wink
12%
6 winning
12%
2 wins
12%
3 witches
12%
1 working
12%
3 wrinkle
12%
2 yacht
12%
2 yard
12%
88 yet
12%
Year 1 1958
8%
Time 1 4:00 AM
8%
Time 1 8:05
8%
1 accident
8%
3 accidental
8%
4 accidents
8%
3 admit
8%
2 adore
8%
1 age-old
8%
5 ages
8%
8 ago
8%
5 alchemy
8%
1 align
8%
3 altar
8%
3 Amen
8%
1 antithetical
8%
1 Argumentative
8%
1 artifacts
8%
Job 1 artist
8%
Swear 1 asshole
8%
Car 1 Aston Martin
8%
3 ate
8%
1 aurora
8%
3 babies
8%
1 badly
8%
2 balcony
8%
2 banners
8%
1 battle's
8%
1 battles
8%
Animal 1 bears
8%
2 beating
8%
2 beauty
8%
6 became
8%
1 belief
8%
1 bend
8%
2 beside
8%
1 bets
8%
1 bid
8%
Date 5 birthday
8%
3 bitter
8%
7 blew
8%
6 blink
8%
1 bloomed
8%
2 blouse
8%
1 blowing
8%
1 blows
8%
1 board
8%
Name 1 Bobby
8%
3 bodies
8%
2 Bond
8%
1 bore
8%
1 bored
8%
1 boredom
8%
1 boredom's
8%
1 boring
8%
Relation 6 boyfriend
8%
2 brain
8%
1 brakes
8%
1 breakfast
8%
5 Bridges
8%
17 bright
8%
2 brink
8%
1 brown
8%
5 build
8%
1 Burnt
8%
10 Busy
8%
2 calls
8%
1 Cancel
8%
3 canceled
8%
2 cardboard
8%
12 care
8%
4 Catastrophic
8%
2 cemetery
8%
Money 1 cents
8%
6 Chances
8%
1 chandelier
8%
3 cheer
8%
Body Part 9 chest
8%
2 children
8%
9 choice
8%
4 choose
8%
2 chosen
8%
4 classic
8%
42 clear
8%
3 clock
8%
9 closer
8%
3 closets
8%
2 cobblestones
8%
2 cobwebs
8%
1 complication
8%
2 condescending
8%
2 contagious
8%
4 counted
8%
1 country
8%
2 couple
8%
1 court
8%
1 covers
8%
6 crashed
8%
1 crazier
8%
1 crease
8%
1 cups
8%
2 curtains
8%
9 cuts
8%
Weapon 2 dagger
8%
5 danger
8%
8 dare
8%
2 darkness
8%
1 dating
8%
Relation 7 daughter
8%
Relation 1 daughter-in-law
8%
5 Dazzling
8%
Name 3 Dean
8%
4 decide
8%
3 destroy
8%
2 destroys
8%
4 dice
8%
2 dinners
8%
Animal 2 dinosaurs
8%
1 disco
8%
1 disposition
8%
2 Dive
8%
1 Dom
8%
1 dorm
8%
5 drama
8%
1 Drank
8%
1 drawin'
8%
3 Drawing
8%
1 dreamer
8%
4 dreamland
8%
2 dreary
8%
1 dropping
8%
2 drops
8%
1 drugs
8%
7 dust
8%
3 dynasty
8%
Animal 1 Eagles
8%
1 easily
8%
1 echo
8%
4 Echoes
8%
2 edge
8%
7 either
8%
1 Elevator
8%
9 Ended
8%
3 enjoy
8%
4 Escape
8%
Colour 1 evergreen
8%
1 everybody's
8%
5 Everyone's
8%
2 Everywhere
8%
4 fantasy
8%
4 fence
8%
5 fences
8%
5 field
8%
9 Fighting
8%
9 figured
8%
2 films
8%
1 finding
8%
3 fireplace
8%
1 flannel
8%
3 Flashes
8%
7 Flashing
8%
3 flaws
8%
3 flies
8%
1 flown
8%
7 Foolish
8%
5 footsteps
8%
1 forgotten
8%
2 form
8%
Animal 3 foxes
8%
3 fragile
8%
9 freedom
8%
1 freshman
8%
1 friendship
8%
1 froze
8%
6 gate
8%
1 gaze
8%
3 gentle
8%
1 gentleman
8%
1 gentlemen
8%
3 girlfriend
8%
1 girlhood
8%
9 giving
8%
1 glare
8%
9 goddamn
8%
4 greatest
8%
1 group
8%
4 grows
8%
3 guilty
8%
4 habits
8%
Place 2 Hackney
8%
1 hairpin
8%
4 handle
8%
1 health
8%
1 hella
8%
1 helped
8%
3 hero
8%
1 herself
8%
2 hid
8%
1 highway
8%
4 hill
8%
5 hmm
8%
4 honor
8%
1 hoped
8%
7 Hung
8%
Weather 5 ice
8%
2 indie
8%
2 ink
8%
13 Instead
8%
5 Internet
8%
1 invitations
8%
Clothing 3 Jacket
8%
Animal 2 Jaguars
8%
Clothing 9 jeans
8%
1 jokers
8%
1 jungle
8%
5 killed
8%
8 laid
8%
3 law
8%
5 Lay
8%
13 learn
8%
18 learned
8%
3 legendary
8%
5 lesson
8%
1 license
8%
3 lightning
8%
1 lilac
8%
1 lime
8%
4 liquor
8%
19 Lord
8%
1 loses
8%
2 loss
8%
1 loudest
8%
3 Louis
8%
2 lovely
8%
2 lovesick
8%
1 lunch
8%
1 main
8%
1 Marked
8%
1 Market
8%
4 married
8%
2 mascara
8%
6 Matches
8%
1 med
8%
1 melt
8%
9 message
8%
1 metaphor
8%
1 Methodist
8%
4 missed
8%
2 mistress
8%
1 mode
8%
2 momentary
8%
3 mom's
8%
1 moms
8%
1 moons
8%
1 motel
8%
7 Motion
8%
3 Motown
8%
3 mouths
8%
6 Music
8%
3 nails
8%
2 named
8%
1 neighbor's
8%
3 neighbors
8%
2 neon
8%
3 nerve
8%
1 Nicks
8%
1 nightmares
8%
1 Nile
8%
4 nines
8%
1 notes
8%
3 nowhere
8%
1 now's
8%
2 numbers
8%
7 Ocean
8%
3 oceans
8%
1 oh oh oh
8%
10 older
8%
1 one-hand
8%
1 one-night
8%
1 outdoor
8%
1 outlaw
8%
1 outskirts
8%
7 Pacing
8%
8 palm
8%
1 papers
8%
1 paralyzed
8%
1 parents
8%
4 parents'
8%
3 Passing
8%
1 peak
8%
1 pebble
8%
3 person
8%
1 phoenix
8%
5 pickin'
8%
4 planet
8%
1 planets
8%
4 playground
8%
6 Poison
8%
8 prayer
8%
1 prayers
8%
1 precious
8%
2 Pretending
8%
1 prettiest
8%
10 price
8%
8 pride
8%
1 priest
8%
1 pub
8%
1 punched
8%
1 Purchased
8%
13 push
8%
1 Puzzle
8%
5 queens
8%
10 question
8%
4 rabbit
8%
7 radio
8%
1 rained
8%
8 Rare
8%
1 reaches
8%
7 reader
8%
6 realize
8%
9 realized
8%
1 receiving
8%
5 regrets
8%
3 reputation's
8%
2 reputations
8%
1 ribs
8%
2 rich
8%
3 ripped
8%
1 rises
8%
1 risin'
8%
4 risk
8%
8 rocks
8%
3 Romance
8%
4 rosy
8%
1 rugby
8%
4 runs
8%
7 Sacred
8%
6 safe
8%
5 saint
8%
1 sang
8%
4 saved
8%
12 scene
8%
1 scheme
8%
5 scratch
8%
6 screamed
8%
13 Seems
8%
1 senior
8%
1 settin'
8%
3 setting
8%
2 share
8%
4 sharp
8%
10 shined
8%
1 shinin'
8%
6 Shining
8%
1 Shirts
8%
2 Shoot
8%
1 shops
8%
5 shot
8%
4 shotgun
8%
2 shoulder
8%
1 showing
8%
1 shred
8%
1 sickest
8%
2 sigh
8%
4 sighs
8%
11 sight
8%
1 sights
8%
1 signal
8%
3 silent
8%
1 singer
8%
9 sinking
8%
1 Sipping
8%
1 skeptics
8%
11 skin
8%
2 Slowly
8%
3 Slur
8%
10 smiles
8%
1 smiling
8%
9 Smoke
8%
4 smoking
8%
4 snuck
8%
1 soak
8%
1 SoCal
8%
1 Softly
8%
3 Soldier
8%
10 somehow
8%
20 somewhere
8%
10 songs
8%
4 spirit
8%
9 spot
8%
1 Springsteen
8%
1 stalk
8%
4 starting
8%
3 State
8%
2 steering
8%
1 Stevie
8%
3 stitch
8%
3 Stitches
8%
7 stone
8%
2 stone's
8%
4 stones
8%
4 Strangers
8%
1 Strangers'
8%
4 streak
8%
10 strike
8%
1 Strings
8%
11 strong
8%
5 suddenly
8%
5 suit
8%
1 summer's
8%
2 summers
8%
1 sunlit
8%
9 sunset
8%
8 sunshine
8%
11 supposed
8%
1 surmise
8%
7 survived
8%
1 swam
8%
1 swearing
8%
1 swimmin'
8%
6 Swore
8%
2 takeout
8%
4 tallest
8%
1 tangerine
8%
1 tape
8%
1 tapestry
8%
3 Taxi
8%
1 tee-ball
8%
3 Tennessee
8%
1 tennis
8%
4 terrible
8%
3 thanks
8%
4 thick
8%
5 thigh
8%
2 thighs
8%
2 thirst
8%
1 threaten
8%
2 throttle
8%
3 throughout
8%
4 thrown
8%
1 tide
8%
1 ties
8%
5 tires
8%
1 touches
8%
5 tough
8%
1 traces
8%
7 tragedy
8%
2 traitors
8%
1 trampled
8%
1 Trends
8%
34 Trouble
8%
1 T-shirts
8%
1 TV
8%
11 twice
8%
12 Uh-huh
8%
5 Uh-uh
8%
1 understudy
8%
3 version
8%
2 village
8%
3 violence
8%
1 violets
8%
1 visit
8%
2 wallet
8%
2 warned
8%
1 wars
8%
2 Washed
8%
1 wastin'
8%
1 watches
8%
1 watchin'
8%
10 watching
8%
5 weapons
8%
3 Weird
8%
1 Wendy
8%
8 Whether
8%
1 widow
8%
4 wings
8%
7 Wise
8%
3 wishes
8%
1 wisteria
8%
1 within
8%
2 wonders
8%
6 worry
8%
16 worth
8%
4 Wrap
8%
5 Yesterday
8%
2 Younger
8%
Date 3 29th
4%
Number 3 300
4%
Number 1 30s
4%
Number 1 90's
4%
1 abandoned
4%
13 above
4%
1 accent
4%
1 account
4%
1 accustomed
4%
5 ache
4%
7 Across
4%
1 actions
4%
1 actors
4%
5 Actually
4%
1 adjusting
4%
1 aesthetic
4%
5 against
4%
6 agrees
4%
3 ahead
4%
1 alcoholic
4%
3 aligned
4%
1 alley
4%
1 alleyway
4%
2 alleyways
4%
1 alpha
4%
9 already
4%
6 amount
4%
Emotion 4 angry
4%
2 anoints
4%
1 applauded
4%
Colour 1 Aquamarine
4%
1 argue
4%
Name 2 Aristotle
4%
2 armor
4%
2 arrested
4%
Weapon 1 arrow
4%
Place 1 Asia
4%
5 assume
4%
5 attitude
4%
1 auroras
4%
2 Auto
4%
1 avoid
4%
1 awaken
4%
2 axe
4%
3 Ayy
4%
1 Babylon
4%
3 backseat
4%
3 backyard
4%
item 1 bag
4%
item 2 bags
4%
1 bait
4%
1 bait-and-switch
4%
1 Balancin'
4%
2 Band-aids
4%
2 Barefoot
4%
2 bargin'
4%
Sport 1 baseball
4%
1 battleships
4%
1 beam
4%
1 beautifully
4%
8 become
4%
3 becomes
4%
2 becoming
4%
2 beginning
4%
1 beginnings
4%
1 begins
4%
1 behaving
4%
1 bell
4%
17 belong
4%
3 bench
4%
6 bent
4%
Emotion 1 betrayed
4%
1 bettin'
4%
1 birthright
4%
1 bitten
4%
3 bittersweet
4%
1 blackout
4%
3 bleachers
4%
Flower/Plant 1 blooms
4%
2 blur
4%
5 boarded
4%
1 boardwalk
4%
1 Bold
4%
Name 1 Bonnie
4%
6 bottles
4%
2 boulder
4%
Place 1 Boulevard
4%
1 bracelets
4%
1 branches
4%
1 Breakups
4%
1 breathed
4%
3 breeds
4%
6 breeze
4%
1 brief
4%
6 brighter
4%
1 bringing
4%
1 brings
4%
Place 1 Brixton
4%
2 bruise
4%
1 bruised
4%
Building 4 Building
4%
5 built
4%
4 bulletproof
4%
Flower/Plant 1 bushes
4%
1 business
4%
1 Bustling
4%
Animal 2 butterflies
4%
3 cage
4%
Food 1 cake
4%
Place 1 Camden
4%
1 candlelight
4%
1 cannons
4%
Job 2 captain
4%
1 cared
4%
Flower/Plant 1 Carnations
4%
4 carry
4%
10 catch
4%
1 Cautions
4%
1 ceilings
4%
1 celebrating
4%
1 cement
4%
2 Centennial
4%
3 chair
4%
1 chant
4%
2 chanting
4%
Name 1 Charlie
4%
2 charming
4%
4 chase
4%
2 cheat
4%
2 cheating
4%
5 Check
4%
1 Cheers
4%
Name/Place 3 Chelsea
4%
1 Cheshire
4%
Car 2 Chevy
4%
1 childhood
4%
1 child's
4%
Food 1 chocolate
4%
3 choices
4%
1 cinephile
4%
5 circus
4%
2 claws
4%
Name 3 Cleopatra
4%
1 cliff
4%
3 cliffside
4%
2 Clink
4%
1 clocks
4%
1 clone
4%
Flower/Plant 4 Clover
4%
4 clues
4%
Name 1 Clyde
4%
Clothing 4 coat
4%
Clothing 1 coats
4%
2 code
4%
Money 1 coin
4%
1 collar
4%
1 comb
4%
4 Combat
4%
1 comfort
4%
4 comfortable
4%
1 comment
4%
4 company
4%
1 complicated
4%
2 complications
4%
1 conceive
4%
1 conduct
4%
6 confess
4%
8 confessions
4%
1 Confetti
4%
4 confused
4%
1 consider
4%
3 control
4%
9 conversation
4%
2 Cooler
4%
1 cosmic
4%
3 counterfeit
4%
1 cradles
4%
1 crawl
4%
2 Crawling
4%
1 creaking
4%
1 creaks
4%
2 creek
4%
4 creeping
4%
Colour 3 crimson
4%
2 crinkling
4%
2 crossed
4%
Royal 8 crown
4%
1 crowns
4%
1 Crucial
4%
2 cruising
4%
1 crumble
4%
1 crumbled
4%
4 crumbling
4%
1 crumpled
4%
Building 1 crypt
4%
1 curses
4%
1 Cutting
4%
Weather 1 cyclone
4%
1 daily
4%
1 Dalí
4%
2 dared
4%
1 Daring
4%
2 dated
4%
6 dead-end
4%
1 dealing
4%
1 dealt
4%
1 deceiving
4%
2 decency
4%
8 decided
4%
1 deck
4%
1 declared
4%
2 decodes
4%
2 deepest
4%
3 demons
4%
1 Depending
4%
1 descend
4%
2 descends
4%
4 deserve
4%
2 deserved
4%
1 desire
4%
5 desk
4%
Gem 2 diamond
4%
Gem 1 diamond's
4%
Gem 4 Diamonds
4%
1 diesel
4%
1 dimming
4%
1 dimples
4%
2 dirtiest
4%
4 dirty
4%
1 disarm
4%
2 discovered
4%
1 disgrace
4%
2 distance
4%
3 doorstep
4%
3 doubt
4%
Place 7 Downtown
4%
2 Dragged
4%
Name 1 Drake
4%
1 dramatic
4%
1 drawn
4%
1 dread
4%
1 dreamt
4%
2 driveway
4%
2 drought
4%
Music 2 drum
4%
1 dry
4%
Royal 1 duchess
4%
1 Dudes
4%
2 dumb
4%
1 dwarfs
4%
2 early
4%
1 eclipse
4%
1 eclipsed
4%
1 edges
4%
1 egos
4%
1 elders
4%
1 elegies
4%
1 elevators
4%
2 embers
4%
2 empathetic
4%
7 empire
4%
4 empty
4%
3 enchanting
4%
3 endless
4%
2 entire
4%
1 episode
4%
1 eras
4%
1 escaped
4%
1 eulogize
4%
3 evening
4%
2 exactly
4%
2 exaggerate
4%
2 excellent
4%
3 exception
4%
2 exciting
4%
4 exhausting
4%
6 existed
4%
1 exorcise
4%
1 expect
4%
2 expecting
4%
2 expensive
4%
1 experiments
4%
2 explain
4%
1 exploding
4%
3 extra
4%
1 fable
4%
8 faded
4%
2 fail
4%
1 faith-forgotten
4%
2 faithless
4%
3 fakers
4%
1 fakes
4%
3 faking
4%
1 fallout
4%
3 fantasies
4%
3 fastening
4%
7 faster
4%
2 fatal
4%
2 fault
4%
Abreviation 1 FBI
4%
1 feather
4%
1 fields
4%
1 figment
4%
2 finance
4%
2 finds
4%
1 fingertips
4%
1 fireworks
4%
1 firing
4%
10 flames
4%
1 Flamingo
4%
1 flap
4%
3 flickering
4%
5 flight
4%
1 flood
4%
1 flowing
4%
Weather 1 Fogs
4%
3 folk
4%
1 folklore
4%
24 Follow
4%
2 followed
4%
3 fools
4%
1 footprints
4%
2 Forcing
4%
3 Forevermore
4%
6 frames
4%
1 freely
4%
4 freezing
4%
6 frozen
4%
1 functioning
4%
1 fuse
4%
1 future's
4%
3 gallows
4%
1 gashes
4%
2 gather
4%
1 Gathered
4%
1 gathers
4%
1 Gatsby
4%
1 gay
4%
1 gestures
4%
1 ghostly
4%
1 gift
4%
Abreviation 2 GLAAD
4%
2 glad
4%
5 glimpse
4%
3 glorious
4%
2 goal
4%
1 granted
4%
1 grata
4%
1 graveyard
4%
1 greige
4%
1 Grieving
4%
2 grip
4%
1 groceries
4%
2 grocery
4%
2 Guessing
4%
1 gunfight
4%
Building 1 gymnasium
4%
1 hackles
4%
1 halls
4%
1 Handprints
4%
1 happenings
4%
1 happenstance
4%
1 harbor
4%
1 hatchets
4%
4 haters
4%
1 headed
4%
1 healing
4%
1 heist
4%
Clothing 2 helmet
4%
1 hereby
4%
1 heroes
4%
2 heroin
4%
1 hero's
4%
13 hide
4%
6 Higher
4%
3 Highgate
4%
4 hitting
4%
3 Holds
4%
Date 3 Holiday
4%
Date 1 holidays
4%
1 hologram
4%
2 homeland
4%
11 honestly
4%
1 hopeful
4%
1 Horrified
4%
1 hostile
4%
Sound 1 howl
4%
1 hug
4%
2 hunger
4%
2 ignore
4%
2 ignored
4%
8 impossible
4%
4 impress
4%
4 indifference
4%
1 initial
4%
1 inner
4%
1 insurance
4%
2 intentions
4%
1 interruption
4%
1 issue
4%
1 issued
4%
2 jealous
4%
2 jealousy
4%
3 job
4%
1 join
4%
1 joint
4%
2 joy
4%
1 judge
4%
1 justice
4%
1 justified
4%
1 kicked
4%
1 kidding
4%
1 knelt
4%
4 knives
4%
1 lace
4%
1 lamp
4%
5 lasts
4%
1 late-night
4%
2 laughter
4%
1 lawless
4%
2 leader
4%
2 Leading
4%
1 learning
4%
1 legged
4%
1 Leo
4%
2 lesser
4%
4 lessons
4%
1 Levi's
4%
4 Levitate
4%
3 lifetime
4%
2 linger
4%
1 lingering
4%
1 lion
4%
7 Lipstick
4%
1 listened
4%
5 listening
4%
2 lobby
4%
1 loneliness
4%
1 longer
4%
1 longest
4%
2 longings
4%
1 lookout
4%
1 Lovelorn
4%
3 love-struck
4%
1 lowercase
4%
1 Lucy
4%
1 lullabies
4%
1 lungs
4%
1 machine
4%
1 machines
4%
1 madhouse
4%
3 madness
4%
1 magician
4%
3 magnetic
4%
1 maiden's
4%
1 mail
4%
1 make-believe
4%
1 maladies
4%
1 malfunction
4%
1 Manhattan
4%
2 mansion
4%
6 map
4%
1 maps
4%
5 marks
4%
11 marvelous
4%
2 Maserati
4%
1 masterpiece
4%
1 matters
4%
2 McCartney
4%
1 Merlot
4%
5 messed
4%
1 messengers
4%
1 Midas
4%
2 Miscommunications
4%
3 miserable
4%
8 Mmm-mm
4%
8 mmm-mmm
4%
1 model's
4%
1 models
4%
2 monster
4%
2 monsters
4%
1 mood
4%
4 moonlit
4%
1 mouse
4%
3 movies
4%
3 muse
4%
1 Must've
4%
1 mysterious
4%
5 mystery
4%
1 naked
4%
1 narcissist
4%
2 necklace
4%
3 neither
4%
1 newest
4%
1 nicknamed
4%
2 nightlight
4%
1 nightstand
4%
1 Nikes
4%
1 ninth
4%
11 Nobody's
4%
2 noose
4%
1 North
4%
1 notices
4%
1 nurses
4%
1 nuts
4%
1 oath
4%
1 obsessive
4%
2 obvious
4%
3 occasion
4%
1 odd
4%
1 offending
4%
8 Oh-ho
4%
2 Oh oh oh oh oh oh oh
4%
1 Olive
4%
1 opal
4%
2 open shut
4%
1 organ
4%
4 pace
4%
2 paces
4%
1 paid
4%
1 paintings
4%
1 paper-thin
4%
1 parachute
4%
1 parked
4%
6 parties
4%
1 parts
4%
1 part-time
4%
3 path
4%
3 peaceful
4%
3 peaks
4%
4 pebbles
4%
3 peculiar
4%
1 Pennsylvania
4%
1 Pérignon
4%
2 persona
4%
1 phones
4%
3 photograph
4%
2 picking
4%
1 Picks
4%
4 pickup
4%
3 pine
4%
1 pinned-up
4%
1 pirate
4%
8 pocket
4%
5 pockets
4%
2 poke
4%
2 Polaroid
4%
1 policy
4%
8 polish
4%
5 polite
4%
2 politics
4%
1 post-mortem
4%
1 Pounding
4%
4 Power
4%
1 precede
4%
1 press
4%
6 pretenders
4%
1 previously
4%
3 proposition
4%
1 propriety
4%
1 protested
4%
2 psycho
4%
4 pulse
4%
1 punching
4%
1 punish
4%
1 Puth
4%
2 quicksand
4%
1 racists
4%
2 Raise
4%
3 raised
4%
2 Range
4%
1 rarest
4%
3 rather
4%
1 raw
4%
1 reality
4%
1 rear
4%
2 Rebekah
4%
5 recall
4%
2 recalling
4%
1 red-head
4%
4 redneck
4%
1 Regretting
4%
1 relax
4%
2 relief
4%
1 religion
4%
1 Religiously
4%
1 Remarkable
4%
2 remarks
4%
1 removed
4%
1 rescue
4%
1 research
4%
1 resentment
4%
1 responsibility
4%
1 retriever
4%
1 Rhode
4%
2 rhyme
4%
1 rides
4%
1 righteous
4%
4 ringing
4%
1 Rivulets
4%
1 rode
4%
1 rodeo
4%
5 rolled
4%
3 rolling
4%
2 Rovers
4%
3 row
4%
2 rude
4%
2 rudely
4%
11 Ruining
4%
4 rule
4%
8 rules
4%
1 rusted
4%
3 rusting
4%
2 ruthless
4%
1 sacrificed
4%
1 sadly
4%
1 Saint-Tropez
4%
1 sake
4%
1 Saturn
4%
1 saving
4%
3 Scandal
4%
1 scenes
4%
1 schemes
4%
2 scheming
4%
2 scouts
4%
3 Scratches
4%
2 seal
4%
3 searched
4%
1 seasons
4%
8 secrets
4%
1 seed
4%
4 Seemed
4%
1 self-implode
4%
1 self-indulgent
4%
1 self-sabotage
4%
2 sell
4%
1 sells
4%
2 senses
4%
2 sexy
4%
2 shaky
4%
1 sharpen
4%
1 shatter
4%
6 shattered
4%
4 shimmer
4%
1 Shimmering
4%
1 shiniest
4%
1 Shooting
4%
3 shore
4%
1 Shoreditch
4%
3 shoulders
4%
1 shower
4%
1 shy
4%
1 sidelines
4%
2 signals
4%
2 silhouette
4%
1 silver-spoon
4%
1 sins
4%
1 situation
4%
1 situations
4%
1 situation-ship
4%
1 slammed
4%
1 sleeper
4%
1 sleepers
4%
1 Sleeps
4%
1 slight
4%
2 smart
4%
3 smash
4%
3 smiled
4%
1 smoked
4%
3 snakes
4%
2 soaking
4%
1 sober
4%
1 SoHo
4%
1 soundly
4%
4 soundtrack
4%
6 South
4%
3 sparklin'
4%
4 sparkling
4%
1 speech
4%
1 speeches
4%
3 spell
4%
1 spikes
4%
1 spine
4%
1 Spineless
4%
9 Spinning
4%
2 spiral
4%
3 splashes
4%
2 spoken
4%
5 spotlight
4%
3 sprinkler
4%
2 spy
4%
1 stalls
4%
1 stared
4%
1 starved
4%
2 Stella
4%
2 Stepping
4%
4 Stick
4%
2 stifle
4%
1 stomach
4%
1 stopping
4%
2 storms
4%
1 storyline
4%
1 strategized
4%
2 streetlight
4%
1 strength
4%
4 stronger
4%
2 struck
4%
3 stuck
4%
1 stumble
4%
4 Stumbled
4%
1 stunning
4%
1 stunningly
4%
1 Sucker
4%
1 suffering
4%
1 suits
4%
3 Sunrise
4%
4 surprise
4%
3 Surreal
4%
1 suspected
4%
2 sweater
4%
1 swimming
4%
1 swims
4%
1 swinging
4%
2 swings
4%
2 switched
4%
1 switching
4%
1 sword
4%
1 swords
4%
1 system
4%
2 system's
4%
1 tail
4%
1 takeovers
4%
1 takers
4%
3 tame
4%
3 Tangled
4%
1 tanned
4%
1 Tarnished
4%
1 tattooed
4%
1 tattoos
4%
4 teach
4%
1 tearing
4%
4 teatime
4%
3 temper
4%
1 temptation
4%
1 temptress
4%
1 terms
4%
3 terribly
4%
1 thanking
4%
2 Theft
4%
1 thief
4%
2 Third
4%
4 thoughtless
4%
2 thrill
4%
2 tilted
4%
3 timing
4%
3 Tiny
4%
1 tip
4%
4 tiptoes
4%
5 toast
4%
2 token
4%
1 toward
4%
7 track
4%
2 tracks
4%
3 traffic
4%
1 trains
4%
1 translation
4%
1 treason
4%
2 Treat
4%
1 treaties
4%
1 triggers
4%
1 trophies
4%
3 trophy
4%
1 troubling
4%
3 trusted
4%
4 trusts
4%
2 tuck
4%
1 tucked
4%
4 tune
4%
1 tunnel
4%
1 tunnels
4%
2 Tupelo
4%
2 tweet
4%
4 Twinkling
4%
3 Twisting
4%
3 Tying
4%
1 typewriters
4%
1 typical
4%
4 unbuttoned
4%
2 underestimated
4%
1 underground
4%
6 underneath
4%
1 united
4%
1 universe
4%
1 un-recall
4%
1 unresolved
4%
4 upper
4%
1 upstanding
4%
1 vault
4%
2 veil
4%
1 vendetta-ta
4%
1 vending
4%
3 vibe
4%
2 video
4%
9 view
4%
2 Vintage
4%
1 violin
4%
2 viral
4%
7 voice
4%
9 voices
4%
8 vow
4%
1 vows
4%
1 Wages
4%
1 waiters
4%
1 waitress
4%
3 wakes
4%
11 warm
4%
11 warning
4%
7 wearing
4%
1 weed
4%
1 weeds
4%
5 weekends
4%
3 weight
4%
1 well-pressed
4%
4 whatever
4%
1 what-ifs
4%
1 wheels
4%
4 Wherever
4%
1 White's
4%
1 who'll
4%
2 whore
4%
22 Why'd
4%
1 wicked
4%
1 willing
4%
1 wilt
4%
3 Windermere
4%
1 windshield
4%
1 wine-stained
4%
1 winless
4%
1 wives
4%
1 wolf
4%
2 wolves
4%
3 wonderful
4%
5 wore
4%
1 worrying
4%
10 worship
4%
1 wounds
4%
5 wrapped
4%
10 Wreck
4%
1 yay
4%
1 yearning
4%
1 yogurt
4%
3 youth
4%
Place 4 16th Avenue
0%
Year 1 1830s
0%
Year 1 1950s
0%
Year 3 1950s'
0%
Date 1 4th
0%
1 ablaze
0%
1 absolutely
0%
1 absurd
0%
1 abusive
0%
1 accounts
0%
1 accused
0%
1 Ace
0%
1 aces
0%
1 achievement
0%
1 Achilles
0%
1 aching
0%
2 acid
0%
1 acing
0%
3 acrobat
0%
2 add
0%
2 Addicted
0%
1 addiction
0%
1 Addressed
0%
1 admitted
0%
1 Adorned
0%
1 adventures
0%
4 advice
0%
1 affection
0%
1 afflicted
0%
1 aftermath
0%
1 Afterwards
0%
2 aglow
0%
1 agony
0%
8 ah yeah
0%
1 airplanes
0%
1 airport
0%
3 aisle
0%
1 alight
0%
2 allowed
0%
1 also ran
0%
1 altruism
0%
3 amateurs
0%
1 amazing
0%
1 amber
0%
1 ambition
0%
1 amongst
0%
3 anthem
0%
2 anticipating
0%
Emotion 1 anxious
0%
1 apologies
0%
2 apology
0%
1 appear
0%
1 arcade
0%
Job 2 architect
0%
1 arrive
0%
1 arson's
0%
1 aside
0%
1 assess
0%
1 assumptions
0%
Building 1 asylum
0%
1 attached
0%
2 attack
0%
1 attend
0%
2 attention
0%
1 aura's
0%
1 avalanche
0%
3 avoids
0%
1 aware
0%
2 awesome
0%
3 awful
0%
1 awhile
0%
1 awkward
0%
6 baby's
0%
2 backdoor
0%
1 backlogged
0%
1 backroads
0%
1 backwards
0%
2 balance
0%
1 baller
0%
1 ballet
0%
2 bandit
0%
1 bang
0%
2 barbed
0%
2 barren
0%
1 Barricaded
0%
3 basement
0%
1 bashes
0%
Music 1 Bass
0%
1 bathe
0%
1 battered
0%
1 beguiling
0%
1 believer
0%
1 believes
0%
1 bells
0%
1 belonged
0%
4 beloved
0%
2 below
0%
1 belt
0%
2 benches
0%
1 bereft
0%
1 Bestow
0%
1 betrayal
0%
Place 1 Beverly Hills
0%
1 bewitching
0%
3 Beyond
0%
1 biding
0%
2 billows
0%
2 bills
0%
1 blacking
0%
1 bland
0%
1 blankets
0%
1 blanks
0%
1 blaze
0%
15 bless
0%
1 blinding
0%
1 blinds
0%
1 blinked
0%
2 blokes
0%
2 bluff
0%
1 Blurring
0%
1 blurry
0%
Colour 3 blush
0%
1 blushed
0%
3 blushin'
0%
1 boards
0%
1 boots
0%
Weather 1 borealis
0%
2 borrowed
0%
2 boss
0%
1 bother
0%
1 bottom's
0%
2 bounce
0%
1 bound
0%
1 bounty
0%
2 boyish
0%
1 Braced
0%
1 brag
0%
1 braid
0%
2 braids
0%
1 brainwash
0%
2 brand-new
0%
2 bravest
0%
3 breakable
0%
1 breakdown
0%
3 breathless
0%
1 briefcase
0%
1 brighten
0%
2 brittle
0%
1 brokenhearted
0%
1 bronze
0%
Place 1 Brooklyn
0%
2 bros
0%
1 bruising
0%
4 brush
0%
1 bubbly
0%
1 bullied
0%
1 bump
0%
1 bunch
0%
1 burrowed
0%
1 burst
0%
Name 1 Burton
0%
1 busier
0%
1 bygone
0%
1 Bygones
0%
1 byline
0%
1 cabin
0%
1 cad
0%
Building 4 café
0%
1 caged
0%
3 cages
0%
1 calamitous
0%
1 calloused
0%
1 calmer
0%
4 Camera
0%
2 cameras
0%
Food 1 candy
0%
1 cannonball
0%
5 careful
0%
6 careless
0%
1 cares
0%
2 carried
0%
3 carrying
0%
2 cascade
0%
2 cascaded
0%
Money 1 cash
0%
5 Catching
0%
1 cater
0%
Flower/Plant 1 cedar
0%
3 celebrated
0%
4 cell
0%
3 centerfold
0%
1 Central
0%
Food 1 cereal
0%
3 certain
0%
1 Chains
0%
1 chalk
0%
1 chalkboard
0%
1 champion
0%
1 champions
0%
3 Chandelier's
0%
1 changer
0%
1 chanted
0%
2 chaos
0%
1 charges
0%
1 chariot
0%
1 charmed
0%
1 charmingly
0%
2 chart
0%
1 chased
0%
12 Chasing
0%
1 chatter
0%
2 Cheap
0%
1 cheap-ass
0%
1 cheats
0%
5 checkin'
0%
2 checking
0%
Game 1 Checkmate
0%
2 chemicals
0%
2 Chemistry
0%
Food 1 Cherry
0%
Game 1 chess
0%
2 chicks
0%
1 children's
0%
7 chill
0%
Food 1 chips
0%
1 choosing
0%
1 chorus
0%
Name 1 Christian
0%
1 circled
0%
2 circles
0%
1 circling
0%
2 circumstances
0%
1 civility
0%
1 claimed
0%
3 clapping
0%
1 clarity's
0%
1 classmates
0%
Room 1 classroom
0%
1 cleaned
0%
4 cleaning
0%
1 clearer
0%
1 Clearing
0%
2 climb
0%
1 Climbed
0%
1 cloaks
0%
2 clockwork
0%
1 clones
0%
Clothing 1 clothing
0%
5 Clowns
0%
2 Clung
0%
1 Clutching
0%
2 coastal
0%
1 coaxed
0%
Drink 1 cocktails
0%
Body Part 3 collarbone
0%
2 collected
0%
Building 1 college
0%
1 combing
0%
1 comeback
0%
1 comet
0%
1 coming-of-age
0%
1 commit
0%
1 community
0%
1 compared
0%
1 Comparing
0%
1 comparison
0%
1 compasses
0%
1 complained
0%
1 complex
0%
2 compliment
0%
3 concerned
0%
1 concerts
0%
1 condition
0%
1 confirm
0%
Job 1 congressman
0%
1 conquest
0%
3 consequence
0%
1 consolation
0%
2 constellations
0%
1 construct
0%
1 contained
0%
3 contempt
0%
2 contest
0%
2 contrarian
0%
1 convened
0%
1 convictions
0%
1 cop-out
0%
1 core
0%
1 cornered
0%
Name 1 Cory
0%
Name 1 Cory's
0%
4 cost
0%
2 costs
0%
1 counteract
0%
1 counterfeit's
0%
1 countermoves
0%
1 county
0%
1 courage
0%
Relation 1 cousins
0%
1 coven
0%
1 covert
0%
1 coward
0%
Abreviation 1 CPR
0%
2 crack
0%
1 cracking
0%
1 cracks
0%
8 Crashing
0%
1 credit
0%
1 creeps
0%
2 crept
0%
1 Crescent
0%
1 crickets
0%
1 criminal
0%
2 crisis
0%
1 Criticize
0%
1 crook
0%
2 crooked
0%
2 Cross-legged
0%
Game 1 crossword
0%
1 crucify
0%
1 cruellest
0%
1 cruelty
0%
1 cryptic
0%
Gem 1 crystal
0%
1 culture's
0%
1 curfew
0%
1 curiosity
0%
3 Curious
0%
Money 1 currency
0%
2 current
0%
1 Currents
0%
1 cursive
0%
1 curtail
0%
3 curve
0%
1 cute
0%
Vehical 1 cycle
0%
1 cynical
0%
1 cynics
0%
Relation 2 daddies
0%
Weapon 1 daggers
0%
1 damage
0%
1 damsel
0%
1 damsels
0%
4 dangerous
0%
2 Dappled
0%
1 darkened
0%
1 darker
0%
5 darkest
0%
1 dart
0%
3 dash
0%
1 daydreams
0%
2 day-old
0%
1 deadlines
0%
1 debutant
0%
Time 3 decade
0%
1 declassified
0%
1 deconstructors
0%
1 defeat
0%
3 defense
0%
1 defined
0%
1 defining
0%
1 deflation
0%
2 delusion
0%
1 Demanding
0%
1 deny
0%
3 depressed
0%
1 depression
0%
1 depths
0%
1 deranged
0%
2 Desert
0%
1 desertion
0%
2 design
0%
2 despicable
0%
2 Destin
0%
1 destiny
0%
1 destress
0%
2 details
0%
1 devices
0%
1 diaries
0%
Swear 1 dickhead
0%
1 difficult
0%
1 digging
0%
1 dignified
0%
3 dignity
0%
3 directly
0%
2 disappeared
0%
1 disappearing
0%
1 disappears
0%
3 Disappointments
0%
1 disapproves
0%
1 Disaster
0%
1 disbelief
0%
1 disguise
0%
1 dishonest
0%
1 disrupters
0%
1 distant
0%
1 disturbed
0%
7 Ditch
0%
3 divide
0%
1 dividin'
0%
1 divorcée
0%
1 dizzying
0%
1 Doc
0%
Job 1 doctor
0%
1 doctor's
0%
Game 4 dominoes
0%
1 donor
0%
1 dopamine
0%
1 dope
0%
2 double
0%
1 double-cross
0%
1 double-crossed
0%
1 doubted
0%
Animal 1 dragonflies
0%
Animal 2 dragons
0%
1 drawers
0%
1 draws
0%
1 dreamscapes
0%
1 dried
0%
1 drifting
0%
1 drill
0%
1 drove
0%
1 drowned
0%
1 Dutiful
0%
1 dyed
0%
Name 3 Dylan
0%
Weapon 1 dynamite
0%
3 earned
0%
1 ease
0%
4 easier
0%
2 echoed
0%
1 effects
0%
1 effortless
0%
1 electricity
0%
1 embarrassed
0%
1 embroidered
0%
1 emotionally
0%
1 empath's
0%
1 empathy
0%
1 Encounters
0%
3 enemies
0%
1 engulfed
0%
2 entwined
0%
1 envelope
0%
3 envious
0%
1 equation
0%
1 erase
0%
1 erasing
0%
1 escaping
0%
1 esoteric
0%
1 eternal
0%
1 events
0%
1 exchanged
0%
1 excruciating
0%
1 existence
0%
1 expected
0%
1 expects
0%
1 expert
0%
2 expired
0%
1 explanations
0%
1 exposures
0%
Body Part 1 eyelids
0%
2 fabric
0%
1 fact
0%
1 facts
0%
1 failure
0%
1 fakest
0%
5 fame
0%
4 familiar
0%
3 Familiarity
0%
2 Fashioned
0%
1 Fatefully
0%
1 fates
0%
1 favourite
0%
3 feared
0%
1 fearsome
0%
1 feast
0%
1 fella
0%
1 Ferociously
0%
1 feud
0%
2 Fever
0%
1 feverishly
0%
1 files
0%
3 fill
0%
5 Filled
0%
1 Filling
0%
1 finish
0%
Animal 1 firefly
0%
1 firefly-catching
0%
1 first-glance
0%
Body Part 1 fist
0%
1 flecks
0%
2 Flesh
0%
3 Flexing
0%
1 Flickered
0%
3 Flickers
0%
1 flights
0%
1 flings
0%
2 Flip
0%
1 float
0%
1 floats
0%
1 floods
0%
1 floorboards
0%
1 flung
0%
1 flutter
0%
2 focus
0%
1 foes
0%
1 fold
0%
4 folks
0%
1 Fond
0%
1 footnotes
0%
1 forbid
0%
1 forbidden
0%
1 forts
0%
1 fortune
0%
1 founded
0%
1 foyer
0%
1 fraternity
0%
1 fray
0%
1 freckle
0%
2 freckles
0%
1 free-flowing
0%
2 freeloading
0%
1 freight
0%
1 friction
0%
1 frightening
0%
1 frigid
0%
1 frontlines
0%
2 frost
0%
1 frown
0%
1 frustrated
0%
4 full-throttle
0%
4 furious
0%
1 furniture
0%
1 fury
0%
1 G5
0%
1 Gain
0%
1 galaxies
0%
1 gap
0%
1 gasp
0%
1 gated
0%
3 gates
0%
1 gauche
0%
1 Gazing
0%
1 gender
0%
1 gently
0%
Name 2 Georgia
0%
1 get-love-quick
0%
2 ghosted
0%
1 girlish
0%
1 glad-handing
0%
1 Glamorous
0%
2 glances
0%
1 glared
0%
1 gleam
0%
2 Gleaming
0%
1 gleams
0%
1 glimmer
0%
1 glint
0%
3 glisten
0%
1 glistened
0%
2 glitter
0%
1 glittering
0%
1 globe
0%
4 glory
0%
1 gloss
0%
2 gloves
0%
2 glowing
0%
1 glows
0%
1 goddess
0%
1 goddesses
0%
1 goodbye's
0%
2 goodnight
0%
5 grab
0%
1 grabbed
0%
1 grade
0%
1 graded
0%
1 graffiti
0%
1 grass
0%
2 gravity
0%
1 gravity's
0%
1 grazed
0%
2 greed
0%
1 grief
0%
1 grind
0%
1 griping
0%
1 grooving
0%
3 groundwork
0%
1 grudge
0%
1 grumblin'
0%
1 guarded
0%
2 guest
0%
5 guiding
0%
2 gushing
0%
1 Half-moon
0%
2 halfway
0%
7 Hallelujah
0%
2 Handcuffed
0%
1 handful
0%
1 handshake
0%
3 Handsome
0%
1 handwriting
0%
1 handwritten
0%
1 Hangs
0%
Name 1 Hannahs
0%
6 harder
0%
2 hardwood
0%
1 harm
0%
1 haul
0%
1 hazing
0%
1 hazy
0%
1 headlines
0%
4 headphones
0%
3 Heath
0%
3 hedge
0%
Royal 1 heir
0%
2 helpless
0%
1 hesitation
0%
1 hide-and-seek
0%
4 hiding
0%
1 highlight
0%
1 highly
0%
2 hindsight
0%
1 hipsters
0%
1 hire
0%
1 hollow-eyed
0%
1 homecoming
0%
1 homeroom
0%
1 hooked
0%
1 hopeless
0%
1 hopelessly
0%
1 hose
0%
1 hostage
0%
1 hosted
0%
1 hothouse
0%
1 hucksters
0%
1 humiliation
0%
Sound 1 hummin'
0%
Sound 5 humming
0%
1 humor
0%
Weather 1 hurricane
0%
4 Hush
0%
1 hustled
0%
2 Hustling
0%
1 hypnotized
0%
1 icons
0%
1 ideas
0%
3 idiots
0%
1 Ignoring
0%
1 illusionist
0%
1 imaginary
0%
1 impaired
0%
1 implore
0%
3 important
0%
1 imposition
0%
1 impressed
0%
1 impression
0%
1 impressionist
0%
1 inboxes
0%
1 incandescent
0%
1 incense
0%
2 incredible
0%
1 indecent
0%
1 indecision
0%
Place 1 India
0%
Colour 2 indigo
0%
1 indiscretions
0%
1 Industry
0%
1 infant
0%
1 ingénue
0%
1 injury
0%
1 innocence
0%
1 innocents
0%
1 insecurities
0%
1 Insincere
0%
1 insincerity
0%
1 insisting
0%
1 instantly
0%
1 insult
0%
1 insurmountable
0%
1 integrity
0%
1 interlopers'
0%
1 interruptions
0%
4 intertwined
0%
2 inviting
0%
1 irrational
0%
1 issues
0%
1 Jackals
0%
1 jail
0%
Job 1 jailer
0%
Name 1 Janet
0%
Name 1 Jehovah's
0%
1 jinx
0%
1 journey
0%
1 judgmental
0%
1 jury's
0%
1 Kaleidoscope
0%
6 Karma's
0%
1 knee-deep
0%
2 knock
0%
5 knocked
0%
1 knock-out
0%
1 labor
0%
1 labored
0%
3 Lame
0%
1 Lantern
0%
4 lap
0%
1 lark
0%
1 lasted
0%
2 lawn
0%
1 league
0%
1 leak
0%
1 leaks
0%
3 leap
0%
4 legacy
0%
1 levers
0%
2 liars
0%
1 licenses
0%
3 lifetimes
0%
5 lift
0%
3 lighter
0%
1 Lighthearted
0%
1 lighting
0%
3 likely
0%
1 limbs
0%
1 litany
0%
1 littlest
0%
2 loaded
0%
1 local
0%
1 location
0%
4 locket
0%
1 locking
0%
3 locks
0%
1 lowdown
0%
1 loyal
0%
1 Lucid
0%
1 Lunar
0%
1 lunchbox
0%
1 lunching
0%
1 lurching
0%
1 lured
0%
1 Lurking
0%
1 luxuries
0%
2 luxury
0%
2 Lyrical
0%
1 Machiavellian
0%
1 maddest
0%
1 Madison
0%
1 madman
0%
1 magazine
0%
1 magazines
0%
4 magical
0%
1 Magnificently
0%
6 mailbox
0%
2 maim
0%
1 make-up
0%
1 makeup
0%
1 mama's
0%
3 mamas
0%
1 marching
0%
2 marrying
0%
1 masquerade
0%
1 masqueraded
0%
4 mates
0%
1 matinee
0%
1 mattered
0%
3 maze
0%
3 meaning
0%
2 measure
0%
9 me-e-e-eh
0%
1 me-e-eh
0%
1 mega-yacht
0%
1 melancholia
0%
1 melted
0%
1 Memorizing
0%
1 mended
0%
1 mental
0%
1 mention
0%
2 merry
0%
1 messes
0%
4 Messy
0%
1 meteor
0%
1 Mhmmm
0%
1 mid-air
0%
1 middle-class
0%
3 mid-sized
0%
1 mile
0%
3 miles
0%
1 million-dollar
0%
1 mindless
0%
1 mind-reader
0%
1 mind-twist
0%
1 mischief
0%
5 Misery
0%
1 mismatched
0%
1 misread
0%
1 missile
0%
3 mission
0%
1 Misty
0%
1 mm-hmm
0%
1 moaning
0%
2 modern
0%
1 montage
0%
1 moonshine
0%
1 moonstone
0%
1 mortified
0%
2 Mosaic
0%
2 mountains
0%
1 move-on
0%
3 mud
0%
1 muddy
0%
1 muffled
0%
1 mural
0%
1 My-my
0%
1 Mystical
0%
3 mystified
0%
1 mythical
0%
1 namedropping
0%
2 napkin
0%
1 narcissism
0%
1 narcotics
0%
3 nasty
0%
4 national
0%
2 natural
0%
2 nearest
0%
1 nearly
0%
1 necktie
0%
1 nemeses
0%
1 nervously
0%
1 never-needy
0%
1 nicer
0%
1 niceties
0%
1 nightfall
0%
1 nineteen's
0%
2 No-fucking-body
0%
4 noise
0%
1 nonchalant
0%
1 nonsense
0%
2 normal
0%
1 Nostalgia
0%
1 notch
0%
2 Nother
0%
1 novelty
0%
1 oasis
0%
1 oblivion
0%
1 obnoxious
0%
3 obsessed
0%
1 obsessing
0%
1 obsession
0%
1 occurred
0%
1 occurring
0%
2 office
0%
1 Oh ah
0%
1 ohhh
0%
2 oh-whoa
0%
2 oh-woo
0%
1 Oil
0%
1 omen
0%
1 o-over
0%
1 opacity
0%
1 opinion
0%
1 opt
0%
1 optimism
0%
1 orbit
0%
1 organic
0%
1 ought
0%
1 outdoorsman
0%
1 outer
0%
2 outfits
0%
1 outnumbered
0%
1 outraged
0%
1 outrun
0%
1 overdose
0%
1 over-dramatic
0%
2 overnight
0%
2 owe
0%
1 owns
0%
5 Pack
0%
1 packed
0%
2 Pad
0%
1 padding
0%
4 Pageant
0%
2 palace
0%
1 palace's
0%
1 Pale
0%
1 panes
0%
1 paperweight
0%
2 parade
0%
4 paradise
0%
1 paradox
0%
1 parallel
0%
1 paranoia
0%
1 passage
0%
1 passionate
0%
1 passport
0%
1 password
0%
1 pastel
0%
1 pastry
0%
1 patched
0%
1 Patching
0%
1 pathetic
0%
1 pathological
0%
1 paths
0%
1 Patrón
0%
1 pattern
0%
3 pause
0%
1 Pauses
0%
1 paved
0%
1 pawn
0%
2 payroll
0%
1 pearls
0%
3 pedestal
0%
1 pedigree
0%
1 peered
0%
3 penthouse
0%
1 peppermint
0%
2 Perched
0%
2 performing
0%
1 peripheral
0%
1 periphery
0%
3 permanent
0%
1 persist
0%
3 perspective
0%
1 petals
0%
1 petty
0%
1 phantom
0%
2 phantoms
0%
1 phase
0%
1 phased
0%
1 photographs
0%
3 picket
0%
1 picturing
0%
2 Pierce
0%
1 Pierced
0%
2 pillow
0%
1 pills
0%
1 pins
0%
1 pirates
0%
1 piss
0%
1 pissed
0%
1 pistol
0%
1 pitchforks
0%
1 PJs
0%
1 placing
0%
2 plague
0%
1 plaid
0%
1 plant
0%
1 plaque
0%
1 plates
0%
1 Platonic
0%
1 playboy
0%
1 playful
0%
1 playthings
0%
1 pleaser
0%
1 pledged
0%
1 plot
0%
1 Plotted
0%
3 pocketful
0%
1 podium
0%
1 poem
0%
2 poems
0%
2 point
0%
3 Pointed
0%
1 poised
0%
2 poisoned
0%
1 poker
0%
2 Polaroids
0%
1 ponder
0%
1 pools
0%
1 popcorn
0%
1 poppy
0%
1 portal
0%
3 portrait
0%
1 poses
0%
1 postcard
0%
1 potential
0%
1 potion
0%
1 pounds
0%
1 practice
0%
1 preacher
0%
2 precedes
0%
3 precipice
0%
3 precocious
0%
1 prefer
0%
1 prep
0%
1 present
0%
1 presents
0%
1 preserved
0%
4 pretended
0%
1 Pretends
0%
1 priceless
0%
1 prices
0%
1 pricked
0%
1 prime
0%
1 prints
0%
1 priorities
0%
2 prison
0%
1 Privacy
0%
2 prize
0%
2 prizes
0%
1 proceeded
0%
2 productive
0%
2 professional
0%
1 Professor
0%
1 profile
0%
1 proportion
0%
1 prose
0%
1 protect
0%
3 proudly
0%
1 public
0%
1 pullin'
0%
2 pulling
0%
1 pumpkin
0%
3 punches
0%
1 punished
0%
1 punishment
0%
3 pure
0%
1 purple-pink
0%
1 purpose
0%
3 Purring
0%
9 Pushed
0%
1 pushin'
0%
1 pushing
0%
1 puzzles
0%
3 questions
0%
4 quicker
0%
1 quickly
0%
1 quo
0%
2 races
0%
1 radiance
0%
2 raging
0%
1 Raided
0%
1 rainbow
0%
1 rain-soaked
0%
1 raking
0%
1 ransom
0%
1 ranting
0%
1 rattle
0%
2 Rattling
0%
1 reaction
0%
2 Realizing
0%
4 rebel
0%
1 receipt
0%
1 receipts
0%
1 recent
0%
1 reclaim
0%
5 recognize
0%
1 reconnected
0%
3 redo
0%
1 reeks
0%
1 reeling
0%
1 reflected
0%
1 reflection
0%
2 reflects
0%
1 reformed
0%
1 refract
0%
1 reframed
0%
1 refused
0%
1 regulars
0%
2 reign
0%
1 reinvention
0%
1 rekindled
0%
1 relate
0%
1 related
0%
4 relaxing
0%
1 relevant
0%
2 Religion's
0%
1 remedy
0%
5 Reminds
0%
1 reminiscing
0%
3 rent
0%
1 rental
0%
2 Repeating
0%
1 replay
0%
1 Replaying
0%
1 reply
0%
1 reports
0%
1 request
0%
1 reread
0%
1 rereads
0%
5 reserved
0%
1 reset
0%
2 resist
0%
1 restless
0%
1 restore
0%
1 returning
0%
1 reunion
0%
1 revelers
0%
2 revelry
0%
1 reviled
0%
1 revolting
0%
3 revolution
0%
1 revolved
0%
3 revolves
0%
1 rewind
0%
1 Rice
0%
1 riddance
0%
1 riddles
0%
1 ridiculous
0%
1 rifle
0%
1 rift
0%
2 riot
0%
1 Riviera
0%
2 roar
0%
2 Roaring
0%
1 roars
0%
1 robber
0%
1 robbers
0%
1 rogue
0%
1 role
0%
1 roles
0%
1 romanticism
0%
1 roommate's
0%
3 rooting
0%
4 roots
0%
4 Rough
0%
1 rowboats
0%
1 rub
0%
1 rubies
0%
3 ruined
0%
1 ruins
0%
1 ruler
0%
3 rushed
0%
2 rushes
0%
1 saboteurs
0%
1 saddest
0%
1 sails
0%
2 saintly
0%
1 saltbox
0%
2 Salute
0%
1 samaritan
0%
1 Sanctimoniously
0%
1 sandlot
0%
1 sank
0%
1 Sapphire
0%
1 Sarahs
0%
1 Sashay
0%
1 saucers
0%
1 scathing
0%
1 scene-stealer
0%
1 scent
0%
1 scooter
0%
4 score
0%
1 scoreboard
0%
1 scorpion
0%
1 scrap
0%
1 screeching
0%
1 screen's
0%
7 screw
0%
1 script
0%
1 scrutiny
0%
1 sealed
0%
2 searing
0%
1 seats
0%
1 second-hand
0%
1 secrecy
0%
1 self-effacing
0%
1 self-expression
0%
1 selfish
0%
2 Selling
0%
1 Sending
0%
1 Sensual
0%
1 separated
0%
1 separating
0%
1 Septembers
0%
1 Sequin
0%
1 sequined
0%
4 serve
0%
1 sets
0%
2 settle
0%
1 several
0%
4 shades
0%
3 shadows
0%
1 shady
0%
1 shameless
0%
1 shaped
0%
2 Shared
0%
1 sharks
0%
1 shelter
0%
1 shift
0%
1 Shifting
0%
1 shipwrecked
0%
2 shitstorm
0%
1 shitty
0%
2 shoe
0%
1 shook
0%
1 shores
0%
3 shots
0%
5 shoulda
0%
1 shouted
0%
5 shoving
0%
1 showmanship
0%
2 shrieking
0%
1 shrink
0%
1 shrouded
0%
1 sideshow
0%
1 sidewalks
0%
1 sighing
0%
1 signed
0%
1 Silenced
0%
1 simply
0%
4 sinks
0%
1 Sir
0%
4 sirens
0%
1 six-lane
0%
1 sixties
0%
1 skateboard
0%
1 skeletons
0%
1 skill-set
0%
1 skirts
0%
1 slates
0%
1 slay
0%
1 sleaze
0%
3 sleepless
0%
6 sleeve
0%
1 sleeves
0%
1 sleight
0%
2 slicked
0%
2 slide
0%
1 slidin'
0%
1 slippery
0%
1 slippin'
0%
1 slipping
0%
5 slope
0%
1 sloping
0%
1 slowed
0%
2 slowest
0%
3 slows
0%
1 small-town
0%
2 smarter
0%
1 smashed
0%
2 smirk
0%
3 Smith
0%
1 smooth-talking
0%
2 smug
0%
1 Snap
0%
3 snaps
0%
1 snarl
0%
1 snarls
0%
1 sneakers
0%
1 snide
0%
1 snotty
0%
1 soaring
0%
1 Sobbing
0%
2 so-called
0%
1 solemn
0%
1 soliloquies
0%
1 solitaire
0%
8 solve
0%
1 somber
0%
1 sophistication
0%
1 sorceress'
0%
2 sore
0%
1 sorta
0%
1 sorts
0%
1 soulmates
0%
1 souvenir
0%
2 spared
0%
1 sparking
0%
3 special
0%
1 speculate
0%
1 speechless
0%
3 speeding
0%
3 Spellin'
0%
5 spelling
0%
3 spends
0%
4 spent
0%
1 sphere
0%
1 Spiderboy
0%
1 spied
0%
1 Spit
0%
2 spite
0%
1 splatter
0%
1 Splendidly
0%
1 Splintered
0%
1 split
0%
1 spots
0%
1 spray-tanned
0%
1 Spread
0%
1 sprung
0%
1 Square
0%
1 squeeze
0%
2 Stabbed
0%
2 stage
0%
1 stake
0%
3 stakes
0%
1 Standard
0%
1 starlet
0%
2 starry-eyed
0%
1 statue
0%
1 statues
0%
2 status
0%
1 steered
0%
1 sticking
0%
1 sticks
0%
1 stilettos
0%
1 sting
0%
1 stings
0%
1 Stitching
0%
1 stoked
0%
1 stomped
0%
1 stoned
0%
1 store
0%
1 stormed
0%
4 stormin'
0%
1 Strategy
0%
4 stray
0%
4 stream
0%
1 streaming
0%
1 streams
0%
1 stressed
0%
1 stressing
0%
1 strollers
0%
1 Struggled
0%
1 sue
0%
1 suitable
0%
1 summit
0%
1 Superior
0%
1 surely
0%
1 surface
0%
3 surprises
0%
1 surrounded
0%
1 suspicious
0%
3 swallowing
0%
1 swamp
0%
2 Swaying
0%
1 sweatshirt
0%
2 sweetest
0%
3 sweetness
0%
1 swerve
0%
1 swindled
0%
1 Swirled
0%
1 swooping
0%
4 sympathy
0%
1 symphony
0%
1 synchronicity
0%
3 tails
0%
3 Tale
0%
1 Taming
0%
1 tasted
0%
1 tasteful
0%
1 tastes
0%
1 teaches
0%
3 teeth
0%
3 telephones
0%
1 temple
0%
1 temporary
0%
1 tend
0%
1 tendency
0%
1 Tendrils
0%
1 tent-like
0%
1 tents
0%
1 terrace
0%
6 terrified
0%
1 terror
0%
1 test
0%
1 tests
0%
1 tethered
0%
3 Texas
0%
3 thankful
0%
1 Them's
0%
1 themselves
0%
1 theory
0%
1 therein
0%
3 There'll
0%
3 thieves
0%
2 Thirty-two
0%
3 Thomas
0%
2 thread
0%
1 threatens
0%
1 three-year
0%
1 throat
0%
1 throne
0%
1 thrown-out
0%
2 thunder
0%
1 ticking
0%
2 Tick-tock
0%
1 tighter
0%
4 tightrope
0%
2 timeshare
0%
1 tiniest
0%
1 tomorrow's
0%
2 Tongue
0%
1 tongue-tied
0%
2 Tonight's
0%
9 top
0%
1 torrid
0%
3 tossed
0%
1 toying
0%
1 tractor
0%
2 traded
0%
2 Trained
0%
1 traits
0%
1 trampoline
0%
1 Transfixed
0%
1 transport
0%
1 trap
0%
1 trapeze
0%
2 trapped
0%
1 treasures
0%
1 trenches
0%
4 Trick
0%
4 tricks
0%
5 Trip
0%
1 tripped
0%
2 Trippin'
0%
2 troll
0%
1 troops
0%
1 trouble's
0%
2 trysts
0%
1 tug
0%
1 tux
0%
2 twenties
0%
2 twenty-year
0%
1 twists
0%
1 two thousand one hundred ninety
0%
1 Uh oh oh oh
0%
1 ultraviolet
0%
1 unabsorb
0%
1 unarmed
0%
1 unaware
0%
1 unbearable
0%
1 unbeknownst
0%
2 unbelievable
0%
1 unbroken
0%
1 uncool
0%
2 underlined
0%
1 unforeseen
0%
2 unforgivable
0%
1 unforgiven
0%
1 unglued
0%
1 uninvited
0%
7 Unless
0%
1 unlucky
0%
1 unmarked
0%
1 unmoored
0%
1 unnecessary
0%
1 unravel
0%
1 unsee
0%
1 unspoken
0%
1 unstable
0%
1 unsuspecting
0%
1 uphold
0%
1 upper-crust
0%
1 upset
0%
1 urges
0%
1 utter
0%
1 vacancy
0%
2 vacant
0%
1 valiant
0%
1 valleys
0%
1 Vanished
0%
1 verdict
0%
1 vices
0%
1 victim
0%
1 views
0%
1 villain
0%
2 villains
0%
1 Vine
0%
1 Vinyl
0%
1 vipers
0%
3 vision
0%
1 visions
0%
3 Voted
0%
5 vowed
0%
1 vultures
0%
1 waistline
0%
1 waltzing
0%
1 wander
0%
1 wandered
0%
1 wannabe
0%
1 warmest
0%
1 wasteland
0%
1 watchful
0%
4 Waving
0%
2 wax
0%
1 weak
0%
1 weaker
0%
2 weakness
0%
2 wears
0%
1 weary
0%
1 weaving
0%
1 webs
0%
2 weeping
0%
1 weirdo
0%
1 whippin'
0%
1 Wicklow
0%
1 wield
0%
3 Wilder
0%
1 wildfire
0%
2 wire
0%
3 wiser
0%
1 wisest
0%
2 Wishful
0%
2 witness
0%
1 woah ah oh
0%
5 wonderstruck
0%
1 Wondrous
0%
1 wooden
0%
1 Wool
0%
1 Workdays
0%
1 worn-out
0%
1 worshipping
0%
1 worthless
0%
2 worthwhile
0%
2 wounded
0%
1 woven
0%
2 wrecking
0%
1 wrecks
0%
1 wretched
0%
2 yeah yeah
0%
1 yelling
0%
1 Yeugh
0%
4 you're every
0%
1 Z-lister
0%
No matching quizzes found
Score Distribution
Percent of People with Each Score
Percentile by Number Answered
Your Score History
You have not taken this quiz